Statistics for ALL First-Level Subdivisions of the World With a Map

Click here to take the quiz!

General Stats

  • This quiz has been taken 5,980 times
  • The average score is 345 of 3942

Answer Stats

Country Type Subdivision % Correct
HaitiDepartmentNord
92%
Saudi ArabiaRegionNorthern Borders
90%
GambiaRegionNorth Bank
90%
KazakhstanRegionNorth Kazakhstan
90%
PakistanTerritoryGilgit-Baltistan
90%
DenmarkRegionNordjylland
90%
BahrainProvinceNorthern
90%
New ZealandRegionNorthland
90%
CameroonRegionNorth
90%
Papua New GuineaProvinceOro
90%
Burkina FasoRegionNord
90%
Sierra LeoneProvinceEastern
89%
MyanmarSelf-Administered DivisionWa
89%
LebanonProvinceSouth
89%
EritreaRegionDebub
88%
KazakhstanRegionTurkistan
88%
HaitiDepartmentSud
88%
NepalProvinceSudurpashchim
88%
DenmarkRegionSyddanmark
88%
New ZealandRegionSouthland
88%
CameroonRegionSouth
88%
EthiopiaRegionSouthern Nations, Nationalities, and Peoples' Region
88%
BahrainProvinceSouthern
88%
CameroonRegionWest
87%
GhanaRegionWestern
87%
MaldivesAtollAri Atholhu Uthuruburi
87%
HaitiDepartmentOuest
87%
PanamaProvincePanamá Oeste
87%
GambiaRegionWest Coast
87%
GreeceRegionWestern Greece
87%
MoroccoRegionRabat-Salé-Kénitra
87%
KazakhstanRegionWest Kazakhstan
87%
EstoniaCountyLääne
87%
MaldivesAtollAri Atholhu Dhekunuburi
87%
United StatesStateTexas
84%
FijiProvinceBa
83%
United StatesStateCalifornia
83%
BhutanDistrictHaa
83%
TurkeyProvinceMuş
83%
United StatesDistrictDistrict of Columbia
82%
United StatesStateFlorida
82%
United StatesStateAlaska
82%
United StatesStateNew York
82%
MyanmarStateMon
81%
United StatesStateWashington
81%
KiribatiCouncilTeraina
81%
United StatesStateNew Mexico
80%
United StatesStateNevada
79%
SyriaProvinceAleppo
78%
United StatesStateNorth Dakota
78%
United StatesStateArizona
78%
United KingdomConstituent CountryEngland
78%
United KingdomConstituent CountryWales
78%
United StatesStateMaine
78%
United StatesStateSouth Dakota
78%
United StatesStateOregon
78%
United KingdomConstituent CountryScotland
78%
United StatesStateOhio
77%
United StatesStateGeorgia
77%
United StatesStateNorth Carolina
77%
United StatesStateSouth Carolina
77%
United StatesStateUtah
77%
United StatesStateAlabama
77%
United StatesStateKansas
76%
United StatesStateMichigan
76%
United StatesStateIdaho
76%
United StatesStateMississippi
76%
United StatesStateLouisiana
76%
United StatesStateArkansas
76%
United StatesStateVirginia
76%
MyanmarSelf-Administered ZonePa'O
76%
United StatesStateColorado
75%
United StatesStateNew Jersey
75%
United StatesStateIllinois
75%
United StatesStateWest Virginia
75%
United StatesStateWyoming
75%
United StatesStateKentucky
75%
BulgariaProvinceMontana
75%
United KingdomCrown DependencyIsle of Man
75%
MoroccoRegionOriental
74%
United StatesStatePennsylvania
74%
United StatesStateOklahoma
74%
MongoliaProvinceDornod
74%
Burkina FasoRegionEst
74%
United StatesStateVermont
74%
United StatesStateNew Hampshire
74%
United StatesStateTennessee
74%
KazakhstanRegionEast Kazakhstan
74%
CameroonRegionEast
74%
GhanaRegionEastern
74%
TurkmenistanRegionMary
73%
Saudi ArabiaRegionEastern Province
73%
United StatesStateWisconsin
73%
CanadaProvinceQuebec
73%
United StatesStateIndiana
73%
United StatesStateIowa
73%
United StatesStateMissouri
73%
DenmarkConstituent CountryGreenland
73%
United KingdomProvinceNorthern Ireland
72%
MoroccoRegionSouss-Massa
72%
JordanProvinceMa'an
72%
LiberiaCountyMaryland
72%
United StatesStateNebraska
72%
United StatesStateMinnesota
72%
United StatesStateMassachusetts
71%
United StatesStateConnecticut
71%
CanadaProvinceOntario
69%
United StatesStateDelaware
69%
KyrgyzstanRegionOsh
68%
CanadaProvinceNewfoundland and Labrador
68%
United StatesStateRhode Island
67%
HaitiDepartmentCentre
67%
CanadaProvinceBritish Columbia
65%
AustraliaStateQueensland
65%
United StatesStateHawaii
65%
CanadaProvinceAlberta
65%
RussiaCityMoscow
64%
AustraliaStateNew South Wales
63%
MexicoDistrictMexico City
63%
BrazilStateRio de Janeiro
63%
AustraliaStateTasmania
62%
New ZealandRegionTasman
62%
MexicoStateMéxico
62%
SomaliaRegionBay
62%
ItalyRegionSicily
61%
JapanPrefectureTokyo
60%
MexicoStateBaja California
60%
CameroonRegionNorthwest
60%
GermanyStateBerlin
60%
PakistanProvinceKhyber Pakhtunkhwa
60%
HaitiDepartmentNord-Ouest
60%
AustraliaStateVictoria
60%
CanadaTerritoryYukon
59%
ZambiaProvinceNorth-Western
59%
Sierra LeoneProvinceNorth West
59%
Sri LankaProvinceNorth Western
59%
BotswanaDistrictNorth-West
59%
GhanaRegionWestern North
59%
Equatorial GuineaProvinceKié-Ntem
58%
AustraliaStateWestern Australia
58%
GermanyStateBavaria
57%
SpainAutonomous CommunityCatalonia
57%
SpainAutonomous CommunityCommunity of Madrid
57%
Vatican CityCityVatican City
56%
South KoreaProvinceSeoul
56%
CanadaProvinceSaskatchewan
55%
CanadaProvincePrince Edward Island
55%
TunisiaProvinceBéja
55%
North MacedoniaMunicipalityČair
55%
CanadaProvinceNova Scotia
54%
NorwayRegionOslo
54%
NepalProvinceProvince No. 1
54%
IrelandCityDublin
53%
ColombiaDistrictCapital District
53%
PhilippinesAdministrative RegionCordillera
53%
CanadaProvinceManitoba
53%
FijiProvinceRa
52%
Antigua and BarbudaParishSaint Peter
52%
ChinaMunicipalityBeijing
52%
BrazilStateSão Paulo
52%
SwedenCountyStockholm
51%
ArgentinaProvinceBuenos Aires
51%
FranceRegionBrittany
51%
PortugalDistrictLisbon
51%
ArgentinaAutonomous cityCiudad de Buenos Aires
51%
CanadaTerritoryNunavut
51%
EgyptProvinceRed Sea
51%
LiechtensteinMunicipalitySchaan
51%
DenmarkRegionHovedstaden
50%
FranceRegionCorsica
50%
TurkeyProvinceIstanbul
50%
ChileRegionSantiago
50%
CubaProvinceSantiago de Cuba
50%
ArgentinaProvinceSantiago del Estero
50%
ItalyRegionSardinia
50%
BrazilDistrictDistrito Federal
49%
MongoliaProvinceTuv
49%
MyanmarStateShan
49%
AustraliaInternal TerritoryNorthern Territory
49%
CubaProvinceLa Habana
49%
AustraliaStateSouth Australia
49%
Bosnia and HerzegovinaPolitical DivisionFederation of Bosnia and Herzegovina
49%
VenezuelaDistrictCapital District
49%
IndiaTerritoryDelhi
49%
GreeceRegionAttica
48%
ChadRegionBahr el Gazel
48%
ChinaSpecial RegionHong Kong
48%
IcelandMunicipalityReykjavík
48%
FranceRegionNormandy
48%
ItalyRegionTuscany
48%
SudanStateRiver Nile
47%
CanadaProvinceNew Brunswick
47%
PortugalDistrictPorto
47%
PeruDepartamentLima
47%
CanadaTerritoryNorthwest Territories
47%
RussiaCitySaint Petersburg
47%
MontenegroMunicipalityBar
47%
TurkmenistanRegionAhal
47%
GermanyStateHamburg
47%
Saudi ArabiaRegionMakkah
47%
TogoRegionKara
46%
GreeceRegionCrete
46%
Sri LankaProvinceCentral
46%
EritreaRegionMaekel
45%
TogoRegionCentrale
45%
ChinaAutonomous RegionTibet
45%
PakistanTerritoryIslamabad Capital Territory
45%
HondurasDepartmentValle
45%
KyrgyzstanRegionJalal-Abad
45%
CameroonRegionCentral
45%
TurkeyProvinceAnkara
45%
SingaporeCouncilCentral Singapore
45%
Burkina FasoRegionCentre
45%
KuwaitProvinceAl Asimah
44%
United Arab EmiratesEmirateDubai
44%
JapanPrefectureOsaka
44%
ChinaMunicipalityShanghai
44%
EgyptProvinceCairo
44%
IrelandCityCork
44%
ParaguayDistrictDistrito Capital
43%
VanuatuProvinceSanma
43%
AustraliaInternal TerritoryAustralian Capital Territory
43%
JamaicaParishSaint Mary
43%
AustriaStateVienna
42%
SwitzerlandCantonBern
42%
VietnamMunicipalityHà Nội
42%
ThailandSpecial Administrative AreaBangkok
42%
NigeriaTerritoryFederal Capital Territory
42%
UkraineCityKiev
42%
IranProvinceTehran
41%
United Arab EmiratesEmirateAbu Dhabi
41%
EgyptProvinceAlexandria
41%
United KingdomCrown DependencyJersey
41%
United KingdomOverseas TerritoryGibraltar
41%
Czech RepublicRegionPrague
40%
FinlandRegionCentral Finland
40%
United StatesTerritoryPuerto Rico
40%
IndonesiaProvinceSpecial Capital Region of Jakarta
40%
FinlandRegionSouthwest Finland
40%
IndiaStateUttar Pradesh
40%
JapanPrefectureHokkaido
39%
MonacoWardMonaco-Ville
39%
Cape VerdeMunicipalitySal
39%
AlgeriaProvinceAlgiers
39%
PanamaProvincePanamá
39%
San MarinoMunicipalityCity of San Marino
39%
CameroonRegionSouthwest
39%
TunisiaProvinceTunis
39%
LibyaDistrictTripoli
39%
GreeceRegionCentral Greece
39%
HaitiDepartmentNord-Est
39%
BotswanaDistrictCentral
39%
SpainAutonomous CommunityAndalusia
39%
Burkina FasoRegionSud-Ouest
39%
SpainAutonomous CommunityBasque Autonomous Community
39%
Papua New GuineaNational Capital DistrictNational Capital District
39%
HungaryCountyBudapest
39%
BelgiumRegionBrussels-Capital Region
39%
OmanProvinceAl Wusta
39%
FranceOverseas RegionFrench Guiana
39%
VietnamMunicipalityHồ Chí Minh
39%
HaitiDepartmentSud-Est
38%
North KoreaDirect-administered CityPyongyang
38%
SingaporeCouncilSouth West
38%
SingaporeCouncilSouth East
38%
New ZealandRegionWellington
38%
GhanaRegionNorth East
38%
SwitzerlandCantonZürich
38%
BelgiumRegionFlanders
38%
BotswanaDistrictSouth-East
38%
MexicoStateChihuahua
38%
ChinaAutonomous RegionInner Mongolia
38%
BotswanaDistrictNorth-East
38%
EcuadorProvinceCañar
38%
LatviaMunicipalityRiga
38%
MaltaRegionSouth Eastern
38%
RomaniaMunicipalityBucharest
38%
IraqProvinceBaghdad
38%
New ZealandRegionAuckland
37%
GermanyStateSaxony
37%
TaiwanSpecial municipalityTaipei
37%
MexicoStateYucatán
37%
LuxembourgCantonLuxembourg
37%
MoroccoRegionCasablanca-Settat
37%
BahrainProvinceCapital
36%
BelarusCityMinsk
36%
SpainAutonomous CommunityValencian Community
36%
El SalvadorDepartmentLa Paz
36%
Ukraine / RussiaCutonomous RepublicCrimea
36%
IsraelDistrictJerusalem
36%
SerbiaDistrictBor
35%
JamaicaParishKingston
35%
YemenProvinceLahij
35%
YemenMunicipalityAmanat Al Asimah
35%
ItalyRegionLombardy
35%
United KingdomCrown DependencyGuernsey
35%
FranceRegionÎle-de-France
35%
BoliviaDepartmentLa Paz
35%
QatarMunicipalityAd Dawhah
35%
JapanPrefectureKyoto
35%
SwitzerlandCantonGeneva
35%
BulgariaProvinceSofia City
34%
YemenProvinceSana'a
34%
Saudi ArabiaRegionRiyadh
34%
BulgariaProvinceSofia
34%
SwitzerlandCantonVaud
34%
GermanyStateBremen
33%
ChileRegionLos Lagos
33%
LithuaniaCountyVilnius
33%
UruguayDepartamentMontevideo
33%
ItalyRegionFriuli-Venezia Giulia
33%
MalaysiaFederal TerritoryKuala Lumpur
33%
CroatiaCityZagreb
33%
United KingdomTerritoryBermuda
33%
AzerbaijanCityBaku
33%
BangladeshDivisionDhaka
33%
PortugalDistrictFaro
33%
Bosnia and HerzegovinaPolitical DivisionRepublika Srpska
33%
SpainAutonomous CommunityGalicia
32%
KenyaCountyNairobi
32%
SyriaProvinceDamascus
32%
MyanmarSelf-Administered ZoneNaga
32%
GuatemalaDepartmentGuatemala
32%
NigeriaStateLagos
32%
AfghanistanProvinceKabul
32%
Democratic Republic of the CongoProvinceKinshasa
32%
Solomon IslandsTerritoryCapital Territory
32%
Costa RicaProvinceSan José
32%
United StatesInsular AreaGuam
32%
ChinaSpecial RegionMacau
32%
MyanmarStateChin
31%
TanzaniaRegionDar es Salaam
31%
FranceRegionProvence-Alpes-Côte d'Azur
31%
OmanProvinceMuscat
31%
SpainAutonomous ComunityCanary Islands
31%
PhilippinesAdministrative RegionNational Capital
30%
TurkeyProvinceVan
30%
SpainAutonomous CommunityCastile and León
30%
CyprusDistrictNicosia
30%
GermanyStateBrandenburg
30%
BelgiumRegionWallonia
30%
AlbaniaCountyTiranë
29%
SurinameDistrictPara
29%
BrazilStatePará
29%
United KingdomOverseas TerritoryFalkland Islands
29%
SerbiaCityBelgrade
29%
GermanyStateNorth Rhine-Westphalia
29%
Trinidad and TobagoIslandTobago
29%
DjiboutiRegionDjibouti
29%
IsraelDistrictTel Aviv
29%
SpainAutonomous CommunityAragon
29%
BrazilStateAmazonas
29%
United StatesTerritoryUnited States Virgin Islands
29%
IsraelDistrictJudea and Samaria Area
29%
GeorgiaMunicipalityTbilisi
28%
GermanyStateBaden-Württemberg
28%
PortugalAutonomous RegionAzores
28%
GermanyStateLower Saxony
28%
SpainAutonomous CommunityBalearic Islands
28%
IndonesiaProvinceBali
28%
SenegalRegionDakar
28%
KazakhstanCityNur-Sultan
28%
NetherlandsProvinceZeeland
28%
EthiopiaCityAddis Ababa
28%
KazakhstanRegionAkmola
28%
United KingdomTerritoryBritish Virgin Islands
27%
LebanonProvinceBeirut
27%
EcuadorProvinceSanto Domingo de los Tsáchilas
27%
Dominican RepublicProvinceSanto Domingo
27%
PakistanTerritoryAzad Jammu and Kashmir
27%
Dominican RepublicDistrictDistrito Nacional
27%
South KoreaProvinceBusan
27%
LiechtensteinMunicipalityVaduz
27%
IndiaTerritoryJammu and Kashmir
27%
ArmeniaMunicipalityYerevan
27%
SlovakiaRegionBratislava
27%
GermanyStateRhineland-Palatinate
27%
JapanPrefectureHiroshima
27%
MongoliaMunicipalityUlaanbaatar
27%
ColombiaDepartmentSucre
27%
JordanProvinceAmman
27%
ChinaAutonomous RegionXinjiang Uyghur
26%
BahamasDistrictSan Salvador
26%
SloveniaCity MunicipalityLjubljana
26%
UruguayDepartamentFlores
26%
IndiaStatePunjab
26%
MoldovaMunicipalityChișinău
26%
ChinaProvinceHainan
26%
FinlandRegionLapland
26%
United StatesInsular AreaAmerican Samoa
26%
AndorraParishAndorra la Vella
26%
RussiaTerritoryKamchatka
26%
AngolaProvinceLuanda
26%
FranceRegionCentre-Val de Loire
26%
GermanyStateSaarland
26%
IndiaStateGoa
26%
KyrgyzstanRegionIssyk-Kul
26%
Republic of the CongoDepartmentBrazzaville
25%
GermanyStateSchleswig-Holstein
25%
GermanyStateMecklenburg-Vorpommern
25%
GermanyStateHesse
25%
DenmarkRegionMidtjylland
25%
MozambiqueProvinceGaza
25%
JapanPrefectureNagasaki
25%
ItalyRegionLazio
25%
FranceRegionBourgogne-Franche-Comté
24%
Saudi ArabiaRegionMadinah
24%
LaosProvinceVientiane
24%
CambodiaProvincePhnom Penh
24%
Antigua and BarbudaParishSaint John
24%
TurkeyProvinceİzmir
24%
SudanStateKhartoum
24%
UkraineRegionOdessa
24%
UzbekistanCityTashkent
24%
JapanPrefectureOkinawa
24%
DenmarkConstituent CountryFaroe Islands
24%
ArgentinaProvinceSan Juan
23%
IrelandCity/CountyLimerick
23%
Marshall IslandsMunicipalityLib Island
23%
MexicoStateBaja California Sur
23%
NicaraguaDepartmentLeón
23%
IndiaStateWest Bengal
23%
Saint Kitts and NevisIslandSaint Kitts
23%
Trinidad and TobagoRegionSan Juan–Laventille
23%
RussiaRegionAmur
23%
BarbadosParishChrist Church
22%
ChinaMunicipalityTianjin
22%
AustriaStateSalzburg
22%
GhanaRegionGreater Accra
22%
BelizeDistrictBelize
22%
SpainAutonomous CityCeuta
22%
NetherlandsConstituent CountryAruba
22%
CroatiaCountySplit-Dalmatia
22%
FranceRegionPays de la Loire
22%
AustriaStateTyrol
22%
MoroccoRegionFès-Meknès
22%
QatarMunicipalityAl Khor
22%
ItalyRegionVeneto
22%
NicaraguaDepartmentManagua
22%
BulgariaProvinceBlagoevgrad
22%
MaldivesCityMalé
21%
GermanyStateThuringia
21%
SpainAutonomous CommunityChartered Community of Navarre
21%
RussiaRepublicChechnya
21%
UgandaDistrictKampala
21%
FranceTerritorySaint Martin
21%
GermanyStateSaxony-Anhalt
21%
YemenProvinceIbb
21%
NetherlandsProvinceNorth Holland
21%
RussiaRegionKaliningrad
21%
NetherlandsConstituent CountrySint Maarten
21%
SpainAutonomous CommunityRegion of Murcia
21%
MaldivesAtollMalé Atholhu
21%
AlgeriaProvinceOran
21%
TanzaniaRegionMara
21%
KyrgyzstanCityBishkek
21%
North MacedoniaMunicipalitySaraj
21%
ItalyRegionPiedmont
21%
IrelandCityGalway
21%
ChinaProvinceHubei
21%
RussiaRepublicSakha
20%
RussiaRegionVolgograd
20%
Antigua and BarbudaParishSaint George
20%
AlgeriaProvinceMila
20%
MexicoStateOaxaca
20%
ChinaProvinceGuangdong
20%
FranceRegionNouvelle-Aquitaine
20%
NetherlandsProvinceSouth Holland
20%
NorwayTerritorySvalbard
20%
PortugalAutonomous RegionMadeira
20%
KosovoDistrictPristina
20%
Trinidad and TobagoMunicipalityPort of Spain
20%
Guinea-BissauAutonomous SectorBissau
19%
MozambiqueCityMaputo
19%
FranceRegionGuadeloupe
19%
ZimbabweProvinceHarare
19%
NicaraguaDepartmentGranada
19%
Antigua and BarbudaDependencyBarbuda
19%
United KingdomTerritorySaint Helena, Ascension and Tristan da Cunha
19%
ItalyRegionCalabria
19%
MaliRegionBamako
19%
São Tomé and PríncipeAutonomous RegionPríncipe
19%
RussiaRegionMurmansk
19%
NetherlandsConstituent CountryCuraçao
19%
ChinaProvinceSichuan
19%
MoroccoRegionMarrakesh-Safi
19%
SwitzerlandCantonBasel-Stadt
19%
SloveniaMunicipalityIvančna Gorica
19%
DenmarkRegionSjælland
19%
IrelandCountyMayo
19%
TurkmenistanDistrictAshgabat
19%
SloveniaCity MunicipalityNova Gorica
19%
GeorgiaAutonomous RepublicAbkhazia
19%
ItalyRegionEmilia-Romagna
19%
Saint Kitts and NevisIslandNevis
19%
IndiaStateGujarat
18%
East TimorMunicipalityDili
18%
FranceOverseas collectivityFrench Polynesia
18%
TajikistanRegionDushanbe
18%
ChadRegionN'Djamena
18%
FranceRegionMartinique
18%
FranceRegionOccitanie
18%
RussiaRegionNizhny Novgorod
18%
FranceRegionGrand Est
18%
RussiaRegionSakhalin
18%
ArgentinaProvinceTierra del Fuego
18%
SpainAutonomous CommunityCastilla-La Mancha
18%
SpainAutonomous CommunityExtremadura
18%
SpainAutonomous CityMelilla
18%
MontenegroMunicipalityPodgorica
18%
BhutanDistrictThimphu
18%
SurinameDistrictParamaribo
18%
RussiaRegionIrkutsk
18%
ItalyRegionTrentino-South Tyrol
18%
RwandaProvinceKigali
17%
NetherlandsProvinceUtrecht
17%
IndiaStateTamil Nadu
17%
NetherlandsProvinceFriesland
17%
RussiaRepublicKarelia
17%
SpainAutonomous CommunityPrincipality of Asturias
17%
ZambiaProvinceLusaka
17%
ItalyRegionLiguria
17%
AustraliaExternal TerritoryChristmas Island
17%
Ukraine / RussiaCitySevastopol
17%
NigerRegionNiamey
17%
BruneiDistrictBrunei-Muara
17%
EgyptProvinceLuxor
17%
EcuadorProvinceGalápagos
17%
KiribatiCouncilKiritimati
17%
KazakhstanCityAlmaty
17%
ThailandProvinceNan
17%
ItalyRegionUmbria
17%
SwedenCountyGotland
17%
IndonesiaProvincePapua
17%
UkraineRegionDonetsk
17%
MyanmarRegionYangon
17%
FranceRegionAuvergne-Rhône-Alpes
17%
JamaicaParishSaint Ann
17%
TanzaniaRegionDodoma
17%
MoroccoRegionTanger-Tetouan-Al Hoceima
16%
YemenProvinceAden
16%
PeruDepartamentCusco
16%
ArgentinaProvinceLa Rioja
16%
BangladeshDivisionChittagong
16%
TurkeyProvinceAntalya
16%
FranceRegionRéunion
16%
PolandProvinceSilesian
16%
RussiaRegionOmsk
16%
LibyaDistrictBenghazi
16%
ThailandProvincePhuket
16%
MexicoStateTabasco
16%
FranceOverseas collectivityNew Caledonia
16%
RussiaRegionRostov
16%
MexicoStateSonora
16%
FinlandRegionÅland Islands
16%
UkraineRegionLviv
16%
Czech RepublicRegionMoravian-Silesian
16%
RussiaRepublicTuva
16%
ItalyRegionApulia
16%
MonacoWardMonte-Carlo
16%
BrazilStateBahia
15%
IndiaStateKerala
15%
ItalyRegionAosta Valley
15%
TurkeyProvinceSivas
15%
ArgentinaProvinceCórdoba
15%
RussiaRegionNovosibirsk
15%
South KoreaProvinceJeju
15%
MexicoStateVeracruz
15%
United StatesInsular AreaNorthern Mariana Islands
15%
GambiaCityBanjul
15%
MexicoStateChiapas
15%
Central African RepublicAutonomous CommuneBangui
15%
SamoaDistrictA'ana
15%
ChinaMunicipalityChongqing
14%
BrazilStateMato Grosso
14%
TurkeyProvinceBitlis
14%
RussiaRegionNovgorod
14%
GuineaRegionConakry
14%
ChinaProvinceHebei
14%
EthiopiaRegionSomali
14%
SpainAutonomous CommunityCantabria
14%
KenyaCountyMombasa
14%
JapanPrefectureMie
14%
Papua New GuineaProvinceManus
14%
ItalyRegionCampania
14%
United KingdomTerritoryCayman Islands
14%
MoroccoRegionLaâyoune-Sakia El Hamra
14%
RussiaTerritoryPerm
14%
HungaryCountyVas
14%
RussiaRegionLeningrad
14%
ChinaProvinceHunan
14%
MexicoStateSinaloa
14%
CroatiaCountyDubrovnik-Neretva
14%
IndiaStateRajasthan
14%
MyanmarUnion TerritoryNaypyidaw
13%
UkraineRegionKharkiv
13%
TurkeyProvinceIsparta
13%
RussiaRepublicDagestan
13%
GreeceRegionEastern Macedonia and Thrace
13%
RussiaRegionArkhangelsk
13%
ChinaProvinceYunnan
13%
IranProvinceKurdistan
13%
IrelandCountyKilkenny
13%
MexicoStatePuebla
13%
BrazilStateParaná
13%
AfghanistanProvinceGhor
13%
BotswanaCityGaborone
13%
EgyptProvinceGiza
13%
BelizeDistrictOrange Walk
13%
IndiaTerritoryAndaman and Nicobar Islands
13%
NetherlandsProvinceGroningen
13%
South AfricaProvinceKwaZulu-Natal
13%
FranceRegionHauts-de-France
13%
IndiaStateMadhya Pradesh
13%
ThailandProvinceLoei
13%
Cape VerdeMunicipalityPraia
13%
MexicoStateJalisco
13%
IsraelDistrictHaifa
13%
NepalProvinceProvince No. 2
13%
ArgentinaProvinceSanta Cruz
13%
Saint Vincent and the GrenadinesParishGrenadines
13%
NetherlandsMunicipalityBonaire
13%
IrelandCity/CountyWaterford
13%
RussiaAutonomous RegionJewish
12%
United KingdomTerritoryTurks and Caicos Islands
12%
NetherlandsProvinceLimburg
12%
NetherlandsProvinceNorth Brabant
12%
SwitzerlandCantonValais
12%
UruguayDepartamentLavalleja
12%
IrelandCountyKerry
12%
EgyptProvinceSuez
12%
NorwayRegionTroms og Finnmark
12%
SudanStateRed Sea
12%
SwedenCountyUppsala
12%
New ZealandFree AssociationCook Islands
12%
NigeriaStateNiger
12%
Ivory CoastDistrictAbidjan
12%
NepalProvinceGandaki
12%
BrazilStateRio Grande do Sul
12%
MexicoStateQuintana Roo
12%
MexicoStateNuevo León
12%
South AfricaProvinceWestern Cape
12%
Antigua and BarbudaParishSaint Paul
12%
PolandProvinceKuyavian-Pomeranian
12%
PolandProvincePomeranian
12%
FranceTerritorySaint Pierre and Miquelon
12%
Cape VerdeMunicipalityPorto Novo
12%
ChinaProvinceShaanxi
12%
BelarusRegionBrest
12%
IndiaStateAssam
12%
ArgentinaProvinceSan Luis
11%
RussiaTerritoryKrasnodar
11%
NauruDistrictYaren
11%
AustriaStateUpper Austria
11%
PolandProvinceŁódź
11%
NigeriaStateKano
11%
JapanPrefectureFukuoka
11%
JapanPrefectureFukushima
11%
AustriaStateLower Austria
11%
ItalyRegionAbruzzo
11%
PeruDepartamentIca
11%
NepalProvinceKarnali
11%
FijiProvinceLau
11%
ItalyRegionBasilicata
11%
IraqProvinceBasra
11%
NetherlandsMunicipalitySaba
11%
ItalyRegionMarche
11%
FranceRegionMayotte
11%
NepalProvinceBagmati
11%
United KingdomTerritoryMontserrat
11%
BrazilStateMinas Geráis
11%
IndonesiaProvinceWest Java
11%
South AfricaProvinceEastern Cape
11%
IndonesiaProvinceEast Java
11%
BelizeDistrictStann Creek
11%
Burkina FasoRegionHauts-Bassins
11%
ChinaProvinceHenan
11%
IndiaStateMaharashtra
11%
BrazilStateAcre
11%
LesothoDistrictMaseru
11%
ChinaProvinceFujian
11%
MexicoStateDurango
11%
ChinaProvinceShanxi
11%
RussiaRepublicNorth Ossetia-Alania
11%
BulgariaProvinceVarna
11%
RussiaRegionSamara
11%
SomaliaRegionBari
11%
IrelandCountyDonegal
10%
CubaProvinceGuantánamo
10%
ChileRegionValparaíso
10%
IndiaStateAndhra Pradesh
10%
Antigua and BarbudaParishSaint Mary
10%
ChinaProvinceGansu
10%
RussiaRepublicTatarstan
10%
ChinaProvinceShandong
10%
IndiaStateOdisha
10%
AustriaStateStyria
10%
ArgentinaProvinceLa Pampa
10%
RomaniaCountyCluj
10%
UkraineRegionDnipropetrovsk
10%
NepalProvinceProvince No. 5
10%
MauritiusIslandMauritius
10%
LithuaniaCountyKaunas
10%
GreeceRegionPeloponnese
10%
RussiaTerritoryKrasnoyarsk
10%
BrazilStateRio Grande do Norte
10%
ChinaAutonomous RegionGuangxi
10%
NorwayRegionMøre og Romsdal
10%
MaltaRegionGozo
10%
ItalyRegionMolise
10%
Saint LuciaQuarterCastries
10%
BoliviaDepartmentBeni
10%
KiribatiCouncilSouth Tarawa
10%
SwitzerlandCantonLuzern
10%
BurundiProvinceBujumbura Mairie
10%
Ivory CoastDistrictYamoussoukro
10%
PakistanProvinceBalochistan
10%
BurundiProvinceGitega
10%
AlgeriaProvinceNaâma
10%
South KoreaProvinceIncheon
10%
RussiaRegionTomsk
9%
ChinaProvinceAnhui
9%
TurkeyProvinceBursa
9%
IndonesiaProvinceAceh
9%
IrelandCountySligo
9%
IndonesiaProvinceCentral Java
9%
MexicoStateAguascalientes
9%
MoldovaAutonomous TerritoryTransnistria
9%
NetherlandsProvinceFlevoland
9%
PortugalDistrictBraga
9%
IndiaStateSikkim
9%
MexicoStateTamaulipas
9%
ThailandProvinceChiang Mai
9%
IndiaStateBihar
9%
United Arab EmiratesEmirateSharjah
9%
EcuadorProvinceNapo
9%
NetherlandsProvinceGelderland
9%
AngolaProvinceBié
9%
EgyptProvinceAswan
9%
United KingdomOverseas TerritoryPitcairn Islands
9%
VietnamMunicipalityĐà Nẵng
9%
BrazilStateSanta Catarina
9%
United KingdomTerritoryAnguilla
9%
IrelandCountyWexford
9%
IraqProvinceSaladin
9%
IndonesiaProvinceEast Nusa Tenggara
9%
BrazilStateMato Grosso do Sul
9%
ChinaProvinceQinghai
9%
ChinaProvinceJilin
9%
ChinaProvinceHeilongjiang
9%
UkraineRegionLuhansk
9%
IndonesiaProvinceWest Papua
9%
MyanmarStateKayin
9%
RussiaRegionChelyabinsk
9%
IranProvinceIsfahan
9%
TurkeyProvinceMalatya
9%
AustriaStateCarinthia
9%
JamaicaParishHanover
9%
LatviaMunicipalityNīca
8%
CroatiaCountyIstria
8%
RussiaRegionPskov
8%
CyprusDistrictPaphos
8%
MexicoStateCampeche
8%
EgyptProvinceSouth Sinai
8%
FranceTerritorySaint Barthélemy
8%
IndiaTerritoryPuducherry
8%
RussiaRegionMagadan
8%
TuvaluIslandFunafuti
8%
South KoreaProvinceDaegu
8%
IndiaStateKarnataka
8%
EgyptProvinceNorth Sinai
8%
NetherlandsProvinceOverijssel
8%
MexicoStateMichoacán
8%
ChinaAutonomous RegionNingxia
8%
BarbadosParishSaint James
8%
PakistanProvinceSindh
8%
SwitzerlandCantonTicino
8%
IrelandCountyClare
8%
ParaguayDepartamentSan Pedro
8%
MexicoStateCoahuila
8%
IndonesiaProvinceSouth Sumatra
8%
MexicoStateGuerrero
8%
South AfricaProvinceNorthern Cape
8%
MyanmarRegionMandalay
8%
FranceOverseas collectivityWallis and Futuna
8%
AustraliaExternal TerritoryCocos (Keeling) Islands
8%
RussiaRepublicKomi
8%
ArgentinaProvinceSanta Fe
8%
DjiboutiRegionArta
8%
TurkeyProvinceBatman
8%
IndonesiaProvinceNorth Sumatra
8%
SwedenCountySkåne
8%
BrazilStateGoiás
8%
MongoliaProvinceGovi-Altai
8%
AzerbaijanCityShaki
8%
YemenProvinceMa'rib
8%
RussiaRegionTyumen
8%
RussiaRepublicAltai
8%
AustriaStateBurgenland
8%
RomaniaCountyAlba
8%
AustraliaExternal TerritoryNorfolk Island
8%
BrazilStatePernambuco
8%
JamaicaParishSaint Thomas
8%
RussiaRegionSmolensk
8%
RussiaRegionAstrakhan
8%
New ZealandFree AssociationNiue
8%
ArgentinaProvinceMendoza
8%
AfghanistanProvinceKandahar
8%
AustriaStateVorarlberg
8%
NetherlandsProvinceDrenthe
8%
MexicoStateZacatecas
8%
BrazilStateMaranhão
7%
BrazilStateCeará
7%
BrazilStateRondônia
7%
SyriaProvinceHoms
7%
GreeceRegionWestern Macedonia
7%
RussiaRegionSaratov
7%
JordanProvinceZarqa
7%
MalaysiaStateSarawak
7%
BrazilStateEspirito Santo
7%
BrazilStateAmapá
7%
MexicoStateColima
7%
RussiaRegionKursk
7%
BulgariaProvincePlovdiv
7%
GreeceRegionEpirus
7%
SwitzerlandCantonZug
7%
SwitzerlandCantonUri
7%
BrazilStateRoráima
7%
LatviaMunicipalitySala
7%
RussiaAutonomous AreaNenets
7%
RussiaRegionRyazan
7%
SwitzerlandCantonSt. Gallen
7%
KiribatiCouncilKanton
7%
RussiaRepublicKalmykia
7%
UzbekistanRegionSamarqand
7%
NigeriaStateEdo
7%
Marshall IslandsMunicipalityMajuro Atoll
7%
EstoniaCountySaare
7%
BrazilStateSergipe
7%
BrazilStateTocantins
7%
IranProvinceQom
7%
EcuadorProvinceEl Oro
7%
ColombiaDepartmentBolívar
7%
PolandProvinceLublin
7%
BahamasDistrictLong Island
7%
RussiaRegionVoronezh
7%
SloveniaMunicipalityIg
7%
PolandProvinceLesser Poland
7%
MexicoStateSan Luis Potosí
7%
RussiaRegionYaroslavl
7%
Czech RepublicRegionPlzeň
7%
DominicaParishSaint Mark
7%
PolandProvinceGreater Poland
7%
PolandProvinceMasovian
7%
ChinaProvinceJiangsu
7%
TunisiaProvinceSousse
7%
ThailandProvinceSurin
7%
IndiaStateNagaland
7%
ChinaProvinceLiaoning
7%
IndiaStateTelangana
7%
PortugalDistrictCoimbra
7%
IrelandCountyMeath
7%
RussiaRegionVladimir
7%
RussiaRegionTula
7%
RussiaAutonomous AreaChukotka
7%
IndiaStateArunachal Pradesh
7%
MexicoStateGuanajuato
7%
MexicoStateHidalgo
7%
ChinaProvinceZhejiang
7%
BarbadosParishSaint Thomas
7%
MexicoStateNayarit
7%
ChinaProvinceGuizhou
7%
BarbadosParishSaint Andrew
7%
IndiaStateHaryana
7%
IndiaStateHimachal Pradesh
7%
RussiaRegionTver
7%
IndonesiaProvinceSouth Sulawesi
7%
IndonesiaProvinceNorth Sulawesi
7%
ChinaProvinceJiangxi
7%
IrelandCountyTipperary
6%
IndiaStateUttarakhand
6%
IndiaStateTripura
6%
IndonesiaProvinceEast Kalimantan
6%
JapanPrefectureChiba
6%
IrelandCountyKildare
6%
GreeceRegionCentral Macedonia
6%
GreeceRegionIonian Islands
6%
IndiaStateManipur
6%
IndonesiaProvinceWest Kalimantan
6%
IraqProvinceErbil
6%
IndiaStateChhattisgarh
6%
IndiaTerritoryDaman and Diu
6%
IndiaStateJharkhand
6%
MexicoStateMorelos
6%
KiribatiCouncilMaiana
6%
JapanPrefectureNagano
6%
IrelandCountyWicklow
6%
MexicoStateQuerétaro
6%
IndonesiaProvinceWest Sulawesi
6%
KuwaitProvinceMubarak Al-Kabeer
6%
IndonesiaProvinceWest Sumatra
6%
FinlandRegionNorth Karelia
6%
JapanPrefectureNara
6%
MexicoStateTlaxcala
6%
IndiaStateMizoram
6%
GreeceRegionThessaly
6%
SwitzerlandCantonNeuchâtel
6%
EstoniaCountyTartu
6%
PolandProvinceLower Silesian
6%
TurkeyProvinceAdana
6%
TurkeyProvinceEdirne
6%
TurkeyProvinceGaziantep
6%
South AfricaProvinceMpumalanga
6%
South AfricaProvinceFree State
6%
TurkeyProvinceKonya
6%
PeruDepartamentArequipa
6%
SlovakiaRegionKošice
6%
SeychellesDistrictSaint Louis
6%
SenegalRegionSaint-Louis
6%
ChileRegionAtacama
6%
RussiaTerritoryPrimorsky
6%
EgyptProvincePort Said
6%
RussiaRegionOrenburg
6%
RussiaRepublicMari El
6%
RussiaTerritoryKhabarovsk
6%
TurkeyProvinceTrabzon
6%
AustraliaInternal TerritoryJervis Bay Territory
6%
RussiaRepublicIngushetia
6%
RussiaRegionBryansk
6%
CyprusDistrictLimassol
6%
RussiaRepublicAdygea
6%
RomaniaCountyTimiș
6%
RomaniaCountyConstanța
6%
TunisiaProvinceKef
6%
UkraineRegionIvano-Frankivsk
6%
BrazilStatePiauí
6%
YemenProvinceSocotra
6%
BrazilStateAlagoas
6%
VenezuelaStateMérida
6%
BelarusRegionGomel
6%
AlbaniaCountyDurrës
6%
El SalvadorDepartmentSanta Ana
6%
NorwayRegionNordland
6%
BrazilStateParaíba
6%
SwitzerlandCantonJura
6%
SwitzerlandCantonAppenzell Ausserrhoden
6%
SwitzerlandCantonGrisons
6%
BarbadosParishSaint Joseph
6%
RussiaRegionKirov
5%
RussiaRegionPenza
5%
RussiaRegionOryol
5%
SwedenCountyNorrbotten
5%
SwitzerlandCantonAargau
5%
RussiaRepublicChuvashia
5%
SwitzerlandCantonFribourg
5%
RussiaRepublicMordovia
5%
TaiwanSpecial municipalityKaohsiung
5%
RussiaRegionLipetsk
5%
GreeceRegionSouth Aegean
5%
SwitzerlandCantonBasel-Landschaft
5%
RussiaAutonomous AreaKhanty-Mansi
5%
RussiaRepublicBuryatia
5%
BelizeDistrictToledo
5%
JapanPrefectureNiigata
5%
SyriaProvinceHama
5%
RussiaRepublicKarachay-Cherkessia
5%
RussiaTerritoryStavropol
5%
RussiaRepublicBashkortostan
5%
SwitzerlandCantonSchwyz
5%
RussiaRegionKaluga
5%
MyanmarSelf-Administered ZoneDanu
5%
CroatiaCountyZadar
5%
RussiaRepublicKabardino-Balkar
5%
RussiaRegionIvanovo
5%
RussiaRegionBelgorod
5%
UgandaDistrictMadi-Okollo
5%
BulgariaProvinceBurgas
5%
RussiaRegionSverdlovsk
5%
Marshall IslandsMunicipalityKili
5%
IndonesiaProvinceCentral Sulawesi
5%
IndonesiaProvinceCentral Kalimantan
5%
HondurasDepartmentColón
5%
TunisiaProvinceSfax
5%
MalaysiaStateMalacca
5%
SudanStateBlue Nile
5%
IndiaStateMeghalaya
5%
IndonesiaProvinceNorth Kalimantan
5%
IndiaTerritoryLadakh
5%
MaldivesAtollThiladhunmathi Uthuruburi
5%
SudanStateWhite Nile
5%
MaldivesAtollThiladhunmathi Dhekunuburi
5%
MaldivesAtollMaalhosmadulu Dhekunuburi
5%
HungaryCountyPest
5%
IndiaTerritoryChandigarh
5%
MalaysiaStateJohor
5%
RussiaRepublicUdmurtia
5%
IndonesiaProvinceSpecial Region of Yogyakarta
5%
RussiaRegionUlyanovsk
5%
MalaysiaStateSabah
5%
ChileRegionAntofagasta
5%
RussiaRegionVologda
5%
LithuaniaCountyKlaipėda
5%
LuxembourgCantonEsch-sur-Alzette
5%
SloveniaMunicipalityKanal
5%
South AfricaProvinceLimpopo
5%
IndonesiaProvinceSouth Kalimantan
5%
SloveniaMunicipalityLuče
5%
SloveniaCity MunicipalityMaribor
5%
SwedenCountyKalmar
5%
RomaniaCountyIași
5%
South AfricaProvinceGauteng
5%
CambodiaProvinceSiem Reap
5%
GreeceRegionNorth Aegean
5%
SwitzerlandCantonAppenzell Innerrhoden
5%
PolandProvinceHoly Cross
5%
PortugalDistrictSetúbal
5%
ArgentinaProvinceChaco
5%
DominicaParishSaint David
5%
DominicaParishSaint Luke
5%
DominicaParishSaint Patrick
5%
PhilippinesAdministrative RegionDavao
5%
UruguayDepartamentRio Negro
5%
Papua New GuineaAutonomous RegionAutonomous Region of Bougainville
5%
JapanPrefectureAomori
5%
Dominican RepublicProvinceSan Cristóbal
5%
FinlandRegionOstrobothnia
5%
New ZealandRegionCanterbury
5%
PortugalDistrictBeja
5%
FinlandRegionSouth Karelia
5%
PolandProvinceWest Pomeranian
5%
IrelandCountyWestmeath
5%
PolandProvinceWarmian-Masurian
5%
IrelandCountyLaois
5%
NamibiaRegionZambezi
5%
IrelandCountyRoscommon
5%
IrelandCountyLouth
5%
AfghanistanProvinceBalkh
5%
AngolaProvinceCabinda
5%
EgyptProvinceNew Valley
5%
United KingdomOverseas TerritoryAkrotiri and Dhekelia
5%
United Arab EmiratesEmirateRas Al Khaimah
5%
NorwayRegionTrøndelag
5%
AfghanistanProvinceHerat
5%
New ZealandRegionOtago
5%
ArgentinaProvinceRío Negro
5%
ArgentinaProvinceSalta
5%
IrelandCountyOffaly
5%
FinlandRegionSouth Ostrobothnia
4%
IrelandCountyMonaghan
4%
ArgentinaProvinceJujuy
4%
IndonesiaProvinceRiau
4%
IndonesiaProvinceSoutheast Sulawesi
4%
BelarusRegionGrodno
4%
BelarusRegionMogilev
4%
IndonesiaProvinceRiau Islands
4%
SloveniaCity MunicipalityNovo Mesto
4%
ArgentinaProvinceMisiones
4%
FinlandRegionUusimaa
4%
ArgentinaProvinceNeuquén
4%
ArgentinaProvinceCorrientes
4%
ArgentinaProvinceFormosa
4%
TaiwanSpecial municipalityNew Taipei
4%
NorwayRegionVestland
4%
TaiwanSpecial municipalityTainan
4%
SwedenCountyHalland
4%
NetherlandsMunicipalitySint Eustatius
4%
TanzaniaRegionTanga
4%
ThailandProvinceChiang Rai
4%
SwedenCountyBlekinge
4%
MaliRegionGao
4%
IndiaTerritoryLakshadweep
4%
ThailandSpecial Administrative AreaPattaya
4%
MalaysiaStatePenang
4%
FinlandRegionPäijänne Tavastia
4%
TunisiaProvinceKairouan
4%
El SalvadorDepartmentSan Miguel
4%
FinlandRegionCentral Ostrobothnia
4%
IcelandMunicipalityAkureyri
4%
New ZealandRegionBay of Plenty
4%
BarbadosParishSaint Michael
4%
ArgentinaProvinceChubut
4%
Burkina FasoRegionSahel
4%
FinlandRegionNorth Ostrobothnia
4%
ArgentinaProvinceEntre Ríos
4%
MadagascarProvinceSava
4%
ArgentinaProvinceTucumán
4%
BelarusRegionVitebsk
4%
MoldovaMunicipalityBălți
4%
Bosnia and HerzegovinaDistrictBrčko
4%
PortugalDistrictÉvora
4%
RussiaRepublicKhakassia
4%
SwitzerlandCantonSolothurn
4%
RussiaRegionKemerovo
4%
SwedenCountyVästerbotten
4%
IrelandCountyCavan
4%
IrelandCountyCarlow
4%
KiribatiCouncilBanaba
4%
SwitzerlandCantonSchaffhausen
4%
SwitzerlandCantonObwalden
4%
CubaSpecial MunicipalityIsla de la Juventud
4%
SwitzerlandCantonNidwalden
4%
RussiaRegionKostroma
4%
CyprusDistrictFamagusta
4%
CyprusDistrictLarnaca
4%
NigeriaStateDelta
4%
Czech RepublicRegionCentral Bohemian
4%
KosovoDistrictPeja
4%
BoliviaDepartmentPotosí
4%
Czech RepublicRegionSouth Bohemian
4%
JamaicaParishManchester
4%
RomaniaCountyBrașov
4%
JapanPrefectureKanagawa
4%
JapanPrefectureKagoshima
4%
BoliviaDepartmentCochabamba
4%
IranProvinceFars
4%
United Arab EmiratesEmirateAjman
4%
SwitzerlandCantonThurgau
4%
RussiaRegionTambov
4%
ChadRegionLac
4%
RussiaTerritoryZabaykalsky
4%
RussiaAutonomous AreaYamalo-Nenets
4%
IrelandCountyLongford
4%
JapanPrefectureSaitama
4%
IrelandCountyLeitrim
4%
New ZealandRegionNelson
4%
TurkeyProvinceSamsun
4%
SwedenCountyÖrebro
4%
JapanPrefectureAkita
4%
MoroccoRegionDrâa-Tafilalet
4%
SwedenCountyJämtland
4%
RussiaRegionKurgan
4%
PortugalDistrictBragança
4%
PolandProvinceOpole
4%
PolandProvincePodlaskie
4%
PolandProvinceSubcarpathian
4%
JapanPrefectureAichi
4%
PolandProvinceLubusz
4%
PortugalDistrictAveiro
4%
SyriaProvinceRaqqa
3%
TaiwanSpecial municipalityTaichung
3%
YemenProvinceDhale
3%
VenezuelaStateTrujillo
3%
UzbekistanRegionBukhara
3%
SwitzerlandCantonGlarus
3%
JamaicaParishSaint Elizabeth
3%
AlbaniaCountyElbasan
3%
IndiaTerritoryDadra and Nagar Haveli
3%
SyriaProvinceRif Dimashq
3%
AlbaniaCountyShkodër
3%
AfghanistanProvinceHelmand
3%
AlbaniaCountyVlorë
3%
JapanPrefectureKagawa
3%
AlgeriaProvinceConstantine
3%
UkraineRegionMykolaiv
3%
JapanPrefectureOkayama
3%
TurkeyProvinceSinop
3%
JapanPrefectureŌita
3%
UkraineRegionZaporizhia
3%
JapanPrefectureEhime
3%
JapanPrefectureMiyazaki
3%
JapanPrefectureGifu
3%
JapanPrefectureGunma
3%
UkraineRegionPoltava
3%
IraqProvinceKirkuk
3%
TurkeyProvinceŞanlıurfa
3%
JapanPrefectureHyōgo
3%
JapanPrefectureIbaraki
3%
UkraineRegionKherson
3%
JapanPrefectureMiyagi
3%
IranProvinceWest Azerbaijan
3%
JapanPrefectureKumamoto
3%
JapanPrefectureKōchi
3%
IraqProvinceAl Anbar
3%
AzerbaijanCityGanja
3%
TurkeyProvinceSiirt
3%
JapanPrefectureSaga
3%
TanzaniaRegionKilimanjaro
3%
JapanPrefectureYamaguchi
3%
AngolaProvinceZaire
3%
ThailandProvinceSurat Thani
3%
ThailandProvinceTak
3%
Antigua and BarbudaParishSaint Philip
3%
ArgentinaProvinceCatamarca
3%
JordanProvinceKarak
3%
JordanProvinceAqaba
3%
TurkeyProvinceDiyarbakır
3%
TurkeyProvinceErzurum
3%
IndonesiaProvinceMaluku
3%
ArmeniaProvinceArarat
3%
JapanPrefectureYamagata
3%
JapanPrefectureIwate
3%
TurkeyProvinceKars
3%
TurkeyProvinceKayseri
3%
TurkeyProvinceMersin
3%
JapanPrefectureToyama
3%
JapanPrefectureTottori
3%
JapanPrefectureTokushima
3%
IranProvinceEast Azerbaijan
3%
JapanPrefectureShizuoka
3%
TurkeyProvinceHatay
3%
FinlandRegionPirkanmaa
3%
PortugalDistrictViana do Castelo
3%
FinlandRegionSouthern Savonia
3%
Czech RepublicRegionKarlovy Vary
3%
Burkina FasoRegionCentre-Est
3%
Sri LankaProvinceNorth Central
3%
ParaguayDepartamentMisiones
3%
FinlandRegionTavastia Proper
3%
ParaguayDepartamentConcepción
3%
FinlandRegionSatakunta
3%
SlovakiaRegionNitra
3%
HondurasDepartmentSanta Bárbara
3%
FinlandRegionNorthern Savonia
3%
Papua New GuineaProvinceNew Ireland
3%
Papua New GuineaProvinceGulf
3%
MaliRegionKayes
3%
FinlandRegionKainuu
3%
HungaryCountyGyőr-Moson-Sopron
3%
RomaniaCountyGalați
3%
PeruDepartamentLoreto
3%
Czech RepublicRegionSouth Moravian
3%
South KoreaProvinceGwangju
3%
PortugalDistrictSantarém
3%
PortugalDistrictPortalegre
3%
Democratic Republic of the CongoProvinceTanganyika
3%
PortugalDistrictVila Real
3%
South KoreaProvinceDaejeon
3%
PortugalDistrictViseu
3%
PortugalDistrictLeiria
3%
Burkina FasoRegionCentre-Nord
3%
PortugalDistrictGuarda
3%
PortugalDistrictCastelo Branco
3%
RomaniaCountyArad
3%
PeruDepartamentSan Martín
3%
NauruDistrictBoe
3%
Burkina FasoRegionCentre-Sud
3%
Burkina FasoRegionCentre-Ouest
3%
PanamaProvinceDarién
3%
SwedenCountyDalarna
3%
NorwayRegionViken
3%
LebanonProvinceBaalbek-Hermel
3%
New ZealandRegionHawke's Bay
3%
ColombiaDepartmentSan Andrés, Providencia and Santa Catalina
3%
New ZealandRegionMarlborough
3%
EthiopiaRegionAmhara
3%
SwedenCountyVärmland
3%
GreeceAutonomous RegionMount Athos
3%
CroatiaCountyOsijek-Baranja
3%
EstoniaCountyHiiu
3%
EthiopiaRegionOromia
3%
Czech RepublicRegionLiberec
3%
CroatiaCountyPrimorje-Gorski Kotar
3%
MyanmarRegionBago
3%
NigerRegionAgadez
3%
New ZealandDependent TerritoryTokelau
3%
LatviaMunicipalityDaugavpils
3%
SwedenCountyVästra Götaland
3%
LaosProvinceLouangphabang
3%
SwedenCountySödermanland
3%
ColombiaDepartmentCauca
3%
SwedenCountyÖstergötland
3%
Federated States of MicronesiaStateYap
3%
NorwayRegionRogaland
3%
ChileRegionArica and Parinacota
3%
North MacedoniaMunicipalityOhrid
3%
New ZealandRegionWaikato
3%
Czech RepublicRegionOlomouc
3%
NorwayRegionInnlandet
3%
MontenegroMunicipalityKotor
3%
ChileRegionLos Ríos
3%
NorwayRegionAgder
3%
ColombiaDepartmentAntioquia
3%
NorwayRegionVestfold og Telemark
3%
SwedenCountyJönköping
3%
UkraineRegionSumy
2%
RomaniaCountySatu Mare
2%
UkraineRegionRivne
2%
RomaniaCountySibiu
2%
Republic of the CongoDepartmentPointe-Noire
2%
UkraineRegionChernivtsi
2%
RomaniaCountyMureș
2%
QatarMunicipalityUmm Salal
2%
RomaniaCountyMaramureș
2%
NamibiaRegionǁKaras
2%
JapanPrefectureIshikawa
2%
RomaniaCountyTulcea
2%
MyanmarStateRakhine
2%
KosovoDistrictPrizren
2%
ParaguayDepartamentPresidente Hayes
2%
UkraineRegionTernopil
2%
United Arab EmiratesEmirateUmm Al Quwain
2%
JamaicaParishPortland
2%
ZimbabweProvinceBulawayo
2%
JamaicaParishSaint Catherine
2%
New ZealandRegionTaranaki
2%
NigeriaStateRivers
2%
North MacedoniaMunicipalityBitola
2%
New ZealandRegionManawatu-Wanganui
2%
VietnamMunicipalityHải Phòng
2%
UzbekistanAutonomous RepublicKarakalpakstan
2%
UruguayDepartamentSalto
2%
New ZealandRegionGisborne
2%
New ZealandTerritoryChatham Islands
2%
UruguayDepartamentColonia
2%
PalauStateKoror
2%
PalauStateMelekeok
2%
UkraineRegionVinnytsia
2%
United Arab EmiratesEmirateFujairah
2%
UkraineRegionVolyn
2%
UkraineRegionZakarpattia
2%
JapanPrefectureFukui
2%
UkraineRegionZhytomyr
2%
PhilippinesAdministrative RegionCentral Luzon
2%
PeruDepartamentTacna
2%
PeruDepartamentPuno
2%
Papua New GuineaProvinceEast New Britain
2%
PeruDepartamentMadre de Dios
2%
PeruAutonomous cityCallao
2%
PeruDepartamentCajamarca
2%
ParaguayDepartamentCordillera
2%
Papua New GuineaProvinceWest New Britain
2%
Papua New GuineaProvinceEnga
2%
UkraineRegionChernihiv
2%
JapanPrefectureShiga
2%
UkraineRegionCherkasy
2%
SwedenCountyGävleborg
2%
TaiwanCountyKinmen
2%
MalaysiaStatePerak
2%
TaiwanCountyLienchiang
2%
MalaysiaStatePerlis
2%
MalaysiaFederal TerritoryPutrajaya
2%
MalaysiaStateSelangor
2%
TajikistanAutonomous RegionGorno-Badakhshan
2%
TanzaniaRegionArusha
2%
SudanStateWest Darfur
2%
LuxembourgCantonDiekirch
2%
ThailandProvinceKrabi
2%
SudanStateSouth Darfur
2%
ThailandProvincePhra Nakhon Si Ayutthaya
2%
SudanStateNorth Darfur
2%
SudanStateEast Darfur
2%
ThailandProvinceTrang
2%
Trinidad and TobagoRegionPenal–Debe
2%
Trinidad and TobagoMunicipalitySan Fernando
2%
Trinidad and TobagoRegionTunapuna–Piarco
2%
MalaysiaStateKelantan
2%
SwedenCountyKronoberg
2%
Sri LankaProvinceUva
2%
LebanonProvinceMount Lebanon
2%
LatviaMunicipalityJūrmala
2%
KiribatiCouncilNorth Tarawa
2%
LatviaMunicipalityLiepāja
2%
SwedenCountyVästmanland
2%
SwedenCountyVästernorrland
2%
KiribatiCouncilBeru
2%
LatviaMunicipalityVentspils
2%
LebanonProvinceBeqaa
2%
KazakhstanCityShymkent
2%
LithuaniaCountyŠiauliai
2%
KazakhstanRegionPavlodar
2%
SyriaProvinceIdlib
2%
SyriaProvinceLatakia
2%
KazakhstanRegionKaraganda
2%
KazakhstanRegionAtyrau
2%
KazakhstanRegionAktobe
2%
LibyaDistrictGhat
2%
LibyaDistrictMarj
2%
LibyaDistrictSirte
2%
Marshall IslandsMunicipalityLae Atoll
2%
TurkeyProvinceAdıyaman
2%
MyanmarStateKayah
2%
TurkeyProvinceRize
2%
SlovakiaRegionŽilina
2%
SlovakiaRegionTrnava
2%
SlovakiaRegionTrenčín
2%
JapanPrefectureWakayama
2%
TurkeyProvinceMuğla
2%
TurkeyProvinceNiğde
2%
TurkeyProvinceOrdu
2%
SlovakiaRegionPrešov
2%
SlovakiaRegionBanská Bystrica
2%
SloveniaMunicipalityBled
2%
San MarinoMunicipalitySerravalle
2%
San MarinoMunicipalityBorgo Maggiore
2%
JapanPrefectureTochigi
2%
MoldovaAutonomous TerritoryGăgăuzia
2%
JapanPrefectureShimane
2%
KyrgyzstanRegionNaryn
2%
MontenegroMunicipalityBudva
2%
TurkeyProvinceTekirdağ
2%
TurkmenistanRegionBalkan
2%
TurkeyProvinceKırklareli
2%
SloveniaCity MunicipalityCelje
2%
TurkeyProvinceAğrı
2%
TurkeyProvinceEskişehir
2%
TurkeyProvinceAydın
2%
TurkeyProvinceBolu
2%
TurkeyProvinceÇanakkale
2%
TurkeyProvinceDenizli
2%
South SudanStateUpper Nile
2%
South SudanStateLakes
2%
South KoreaProvinceUlsan
2%
South KoreaProvinceSouth Jeolla
2%
South KoreaProvinceNorth Jeolla
2%
SloveniaCity MunicipalityKoper
2%
JapanPrefectureYamanashi
2%
South KoreaProvinceGyeonggi
2%
South KoreaProvinceGangwon
2%
TurkeyProvinceGiresun
2%
Solomon IslandsProvinceMakira-Ulawa
2%
TurkeyProvinceKaraman
2%
Solomon IslandsProvinceGuadalcanal
2%
SloveniaMunicipalityRuše
2%
SloveniaMunicipalityLog-Dragomer
2%
MalaysiaStateKedah
2%
ZimbabweProvinceMidlands
2%
ChileRegionMagallanes
2%
Equatorial GuineaProvinceWele-Nzas
2%
CroatiaCountyLika-Senj
2%
CroatiaCountyKarlovac
2%
Costa RicaProvinceLimón
2%
BahamasDistrictGrand Cay
2%
ColombiaDepartmentSantander
2%
BahamasDistrictCity of Freeport
2%
ColombiaDepartmentMeta
2%
ColombiaDepartmentHuila
2%
ColombiaDepartmentChocó
2%
ColombiaDepartmentArauca
2%
ChileRegionO'Higgins
2%
ChileRegionCoquimbo
2%
ChileRegionBiobío
2%
BangladeshDivisionSylhet
2%
CroatiaCountyŠibenik-Knin
2%
BarbadosParishSaint Lucy
2%
EstoniaCountyHarju
2%
BeninDepartmentPlateau
2%
EstoniaCountyPärnu
2%
BhutanDistrictParo
2%
BoliviaDepartmentOruro
2%
EthiopiaRegionAfar
2%
EthiopiaRegionTigray
2%
Federated States of MicronesiaStateChuuk
2%
Federated States of MicronesiaStatePohnpei
2%
FijiProvinceBua
2%
AzerbaijanDistrictTartar
2%
FinlandRegionKymenlaakso
2%
AfghanistanProvinceBadakhshan
2%
CroatiaCountyPožega-Slavonia
2%
AfghanistanProvinceZabul
2%
BulgariaProvinceRuse
2%
EgyptProvinceMatrouh
2%
BahamasDistrictNorth Andros
2%
ArmeniaProvinceLori
2%
EgyptProvinceAsyut
2%
AngolaProvinceHuíla
2%
AndorraParishSant Julià de Lòria
2%
AndorraParishOrdino
2%
AndorraParishLa Massana
2%
AndorraParishEscaldes-Engordany
2%
AndorraParishEncamp
2%
AndorraParishCanillo
2%
AlgeriaProvinceTlemcen
2%
BahamasDistrictSouth Andros
2%
EgyptProvinceDamietta
2%
BahamasDistrictNew Providence
2%
EgyptProvinceQena
2%
AlbaniaCountyBerat
2%
AlgeriaProvinceIn Salah
2%
El SalvadorDepartmentLa Libertad
2%
BangladeshDivisionKhulna
2%
Czech RepublicRegionZlín
2%
Czech RepublicRegionÚstí nad Labem
2%
Czech RepublicRegionPardubice
2%
Czech RepublicRegionHradec Králové
2%
CyprusDistrictKyrenia
2%
AlgeriaProvinceAdrar
2%
CubaProvinceCienfuegos
2%
AlbaniaCountyKorçë
2%
AlbaniaCountyGjirokastër
2%
AlbaniaCountyFier
2%
CubaProvinceCamagüey
2%
AfghanistanProvinceKunduz
2%
ColombiaDepartmentAtlántico
2%
IranProvinceSistan and Baluchestan
2%
IranProvinceKerman
2%
Burkina FasoRegionPlateau-Central
2%
IndonesiaProvinceGorontalo
2%
IranProvinceKhuzestan
2%
BulgariaProvinceStara Zagora
2%
IndonesiaProvinceJambi
2%
IndonesiaProvinceLampung
2%
IndonesiaProvinceNorth Maluku
2%
IndonesiaProvinceWest Nusa Tenggara
2%
GhanaRegionVolta
2%
AzerbaijanDistrictIsmailli
2%
GuatemalaDepartmentSanta Rosa
2%
IranProvinceArdabil
2%
GuatemalaDepartmentPetén
2%
Cape VerdeMunicipalityPaul
2%
AzerbaijanCityNakhchivan
2%
IranProvinceGilan
2%
IranProvinceSouth Khorasan
2%
IranProvinceLorestan
2%
IrelandCountySouth Dublin
2%
IranProvinceYazd
2%
IraqProvinceBabil
2%
IndonesiaProvinceBanten
2%
GuatemalaDepartmentSan Marcos
2%
IranProvinceNorth Khorasan
2%
GhanaRegionSavannah
2%
OmanProvinceDhofar
1%
OmanProvinceAl Batinah North
1%
OmanProvinceAl Batinah South
1%
TurkeyProvinceKütahya
1%
EgyptProvinceSharqia
1%
MozambiqueProvinceNiassa
1%
OmanProvinceAsh Sharqiyah North
1%
ThailandProvincePhrae
1%
BahamasDistrictInagua
1%
OmanProvinceAsh Sharqiyah South
1%
North MacedoniaMunicipalityTetovo
1%
OmanProvinceMusandam
1%
TurkeyProvinceManisa
1%
MozambiqueProvinceNampula
1%
EgyptProvinceQalyubiyya
1%
EgyptProvinceMonufia
1%
North MacedoniaMunicipalityPrilep
1%
EgyptProvinceMinya
1%
ThailandProvinceRatchaburi
1%
GrenadaDependencyCarriacou and Petite Martinique
1%
EgyptProvinceKafr El Sheikh
1%
EgyptProvinceIsmailia
1%
ThailandProvinceNakhon Ratchasima
1%
EgyptProvinceGharbia
1%
OmanProvinceAd Dhahirah
1%
El SalvadorDepartmentAhuachapán
1%
OmanProvinceAd Dakhiliyah
1%
North MacedoniaMunicipalityŠtip
1%
ThailandProvincePattani
1%
ThailandProvinceNonthaburi
1%
GhanaRegionUpper East
1%
GhanaRegionUpper West
1%
MyanmarStateKachin
1%
ThailandProvincePhetchaburi
1%
MyanmarRegionAyeyarwady
1%
North MacedoniaMunicipalityStrumica
1%
Equatorial GuineaProvinceAnnobón
1%
MozambiqueProvinceZambezia
1%
North MacedoniaMunicipalityStruga
1%
GhanaRegionOti
1%
EgyptProvinceSohag
1%
MozambiqueProvinceTete
1%
ThailandProvinceNarathiwat
1%
El SalvadorDepartmentSonsonate
1%
EgyptProvinceFaiyum
1%
Equatorial GuineaProvinceBioko Norte
1%
BahamasDistrictMoore's Island
1%
El SalvadorDepartmentLa Unión
1%
MozambiqueProvinceSofala
1%
El SalvadorDepartmentCuscatlán
1%
ThailandProvinceNakhon Si Thammarat
1%
El SalvadorDepartmentCabañas
1%
North MacedoniaMunicipalityVeles
1%
El SalvadorDepartmentSan Vicente
1%
TurkeyProvinceGümüşhane
1%
ThailandProvinceMae Hong Son
1%
EcuadorProvinceLoja
1%
Papua New GuineaProvinceSandaun
1%
ThailandProvinceChumphon
1%
Papua New GuineaProvinceSouthern Highlands
1%
EcuadorProvinceOrellana
1%
Papua New GuineaProvinceWestern Highlands
1%
ParaguayDepartamentAlto Paraguay
1%
ParaguayDepartamentAlto Paraná
1%
ParaguayDepartamentAmambay
1%
ParaguayDepartamentBoquerón
1%
ParaguayDepartamentCaaguazú
1%
ParaguayDepartamentCaazapá
1%
ParaguayDepartamentCanindeyú
1%
EcuadorProvinceMorona Santiago
1%
EcuadorProvinceManabí
1%
ParaguayDepartamentGuairá
1%
EcuadorProvincePastaza
1%
ParaguayDepartamentItapúa
1%
EcuadorProvinceImbabura
1%
ParaguayDepartamentÑeembucú
1%
ParaguayDepartamentParaguarí
1%
EcuadorProvinceGuayas
1%
EcuadorProvinceEsmeraldas
1%
PeruDepartamentAncash
1%
PeruDepartamentApurímac
1%
EcuadorProvinceCotopaxi
1%
PeruDepartamentAyacucho
1%
EcuadorProvinceChimborazo
1%
GuatemalaDepartmentJalapa
1%
EcuadorProvinceCarchi
1%
EcuadorProvinceAzuay
1%
GuatemalaDepartmentIzabal
1%
EcuadorProvincePichincha
1%
ThailandProvinceLopburi
1%
PanamaProvinceHerrera
1%
ThailandProvinceLamphun
1%
ThailandProvinceLampang
1%
BahamasDistrictNorth Abaco
1%
ThailandProvinceKanchanaburi
1%
PanamaProvinceChiriquí
1%
PanamaProvinceCoclé
1%
TurkeyProvinceMardin
1%
GuatemalaDepartmentAlta Verapaz
1%
PanamaIndigenous RegionEmberá-Wounaan
1%
MozambiqueProvinceCabo Delgado
1%
GuatemalaDepartmentBaja Verapaz
1%
GuatemalaDepartmentChimaltenango
1%
GuatemalaDepartmentEl Progreso
1%
PanamaIndigenous RegionGuna Yala
1%
PanamaProvinceLos Santos
1%
EcuadorProvinceSanta Elena
1%
EcuadorProvinceZamora-Chinchipe
1%
Papua New GuineaProvinceMorobe
1%
Papua New GuineaProvinceMilne Bay
1%
EcuadorProvinceSucumbíos
1%
Papua New GuineaProvinceMadang
1%
Papua New GuineaProvinceHela
1%
EcuadorProvinceTungurahua
1%
Papua New GuineaProvinceEastern Highlands
1%
EgyptProvinceDakahlia
1%
Papua New GuineaProvinceEast Sepik
1%
GuatemalaDepartmentHuehuetenango
1%
GuatemalaDepartmentEscuintla
1%
EgyptProvinceBeheira
1%
PanamaProvinceVeraguas
1%
EgyptProvinceBeni Suef
1%
PanamaProvinceBocas del Toro
1%
ThailandProvinceSukhothai
1%
ThailandProvinceRayong
1%
EstoniaCountyLääne-Viru
1%
EthiopiaCityDire Dawa
1%
EthiopiaRegionBenishangul-Gumuz
1%
EswatiniRegionManzini
1%
EswatiniRegionLubombo
1%
EswatiniRegionHhohho
1%
EstoniaCountyVõru
1%
EstoniaCountyViljandi
1%
EstoniaCountyValga
1%
EstoniaCountyRapla
1%
NicaraguaDepartmentEstelí
1%
EstoniaCountyPõlva
1%
TunisiaProvinceTataouine
1%
NicaraguaDepartmentMadriz
1%
NicaraguaDepartmentMasaya
1%
EthiopiaRegionHarari
1%
NicaraguaDepartmentMatagalpa
1%
NicaraguaAutonomous RegionNorth Caribbean Coast
1%
NicaraguaDepartmentRío San Juan
1%
NicaraguaDepartmentRivas
1%
NicaraguaAutonomous RegionSouth Caribbean Coast
1%
EstoniaCountyJõgeva
1%
EstoniaCountyJärva
1%
TunisiaProvinceMonastir
1%
NigerRegionZinder
1%
NigeriaStateAbia
1%
BahamasDistrictAcklins
1%
NigeriaStateBorno
1%
NigeriaStateCross River
1%
EstoniaCountyIda-Viru
1%
EthiopiaRegionGambela
1%
Federated States of MicronesiaStateKosrae
1%
BahamasDistrictBerry Islands
1%
AzerbaijanCityShirvan
1%
GeorgiaRegionKakheti
1%
TurkeyProvinceErzincan
1%
TurkeyProvinceElazığ
1%
GeorgiaRegionImereti
1%
TurkeyProvinceDüzce
1%
NauruDistrictEwa
1%
TurkeyProvinceÇorum
1%
TurkeyProvinceÇankırı
1%
GeorgiaAutonomous RepublicAdjara
1%
GambiaRegionUpper River
1%
GambiaRegionLower River
1%
GambiaRegionCentral River
1%
TurkeyProvinceBurdur
1%
AzerbaijanCityShusha
1%
TurkeyProvinceKarabük
1%
TurkeyProvinceBingöl
1%
TurkeyProvinceBilecik
1%
TurkeyProvinceBayburt
1%
TurkeyProvinceBartın
1%
TurkeyProvinceBalıkesir
1%
TurkeyProvinceIğdır
1%
AzerbaijanDistrictQuba
1%
TurkeyProvinceArtvin
1%
FijiDependencyRotuma
1%
TurkeyProvinceArdahan
1%
TurkeyProvinceKahramanmaraş
1%
TurkeyProvinceAmasya
1%
TurkeyProvinceAksaray
1%
TurkeyProvinceAfyonkarahisar
1%
AzerbaijanDistrictQakh
1%
NigeriaStateEnugu
1%
Equatorial GuineaProvinceBioko Sur
1%
TogoRegionMaritime
1%
TurkeyProvinceKırıkkale
1%
BahamasDistrictBlack Point
1%
BahamasDistrictCat Island
1%
BahamasDistrictCentral Abaco
1%
BahamasDistrictCentral Andros
1%
Trinidad and TobagoRegionPrinces Town
1%
BahamasDistrictCentral Eleuthera
1%
North MacedoniaMunicipalityCentar
1%
Trinidad and TobagoMunicipalityChaguanas
1%
TongaAdministrative divisionTongatapu
1%
TurkeyProvinceKırşehir
1%
TongaAdministrative divisionHa'apai
1%
North MacedoniaMunicipalityGazi Baba
1%
BahamasDistrictCrooked Island
1%
North KoreaProvinceSouth Pyongan
1%
BahamasDistrictEast Grand Bahama
1%
ThailandProvinceYala
1%
ThailandProvinceUdon Thani
1%
ThailandProvinceUbon Ratchathani
1%
ThailandProvinceTrat
1%
BahamasDistrictExuma
1%
TurkeyProvinceKocaeli
1%
BahamasDistrictHarbour Island
1%
TurkeyProvinceHakkâri
1%
ThailandProvinceSongkhla
1%
GhanaRegionAshanti
1%
North MacedoniaMunicipalityKumanovo
1%
ThailandProvinceSamut Prakan
1%
AzerbaijanDistrictOghuz
1%
North MacedoniaMunicipalityAerodrom
1%
North KoreaProvinceSouth Hwanghae
1%
EritreaRegionSouthern Red Sea
1%
NigeriaStateSokoto
1%
NigeriaStateImo
1%
NigeriaStateKaduna
1%
EritreaRegionNorthern Red Sea
1%
NigeriaStateKatsina
1%
NigeriaStateKebbi
1%
TunisiaProvinceBizerte
1%
EritreaRegionGash-Barka
1%
EritreaRegionAnseba
1%
NigeriaStateOgun
1%
NigeriaStateOndo
1%
NigeriaStateOsun
1%
GeorgiaRegionMtskheta-Mtianeti
1%
NigeriaStateOyo
1%
GeorgiaRegionRacha-Lechkhumi and Kvemo Svaneti
1%
BahamasDistrictBimini
1%
North KoreaProvinceSouth Hamgyong
1%
NigeriaStateYobe
1%
NigeriaStateZamfara
1%
North KoreaSpecial-level CityKaesong
1%
North KoreaProvinceKangwon
1%
North KoreaSpecial CityNampo
1%
North KoreaProvinceNorth Hamgyong
1%
TurkeyProvinceKastamonu
1%
North KoreaProvinceNorth Hwanghae
1%
North KoreaProvinceNorth Pyongan
1%
Equatorial GuineaProvinceLitoral
1%
TurkeyProvinceKilis
1%
North KoreaSpecial CityRason
1%
PeruDepartamentHuánuco
1%
North KoreaProvinceRyanggang
1%
PeruDepartamentHuancavelica
1%
BahamasDistrictRum Cay
1%
ThailandProvinceChonburi
1%
BoliviaDepartmentChuquisaca
1%
BhutanDistrictBumthang
1%
ChadRegionEnnedi-Ouest
1%
Saudi ArabiaRegionAsir
1%
Saudi ArabiaRegionBahah
1%
ChadRegionEnnedi-Est
1%
Saudi ArabiaRegionHa'il
1%
Saudi ArabiaRegionJawf
1%
Saudi ArabiaRegionJizan
1%
ChadRegionBorkou
1%
Saudi ArabiaRegionNajran
1%
Saudi ArabiaRegionQassim
1%
Saudi ArabiaRegionTabuk
1%
BhutanDistrictPunakha
1%
SenegalRegionMatam
1%
BoliviaDepartmentPando
1%
San MarinoMunicipalityMontegiardino
1%
SerbiaDistrictPirot
1%
BruneiDistrictBelait
1%
SerbiaDistrictWest Bačka
1%
SerbiaDistrictSrem
1%
SerbiaDistrictSouth Banat
1%
SerbiaDistrictSouth Bačka
1%
SerbiaDistrictRaška
1%
SerbiaDistrictNorth Banat
1%
BoliviaDepartmentTarija
1%
SerbiaDistrictNorth Bačka
1%
SerbiaDistrictNišava
1%
SerbiaDistrictMačva
1%
BotswanaDistrictGhanzi
1%
SerbiaDistrictCentral Banat
1%
BotswanaCityFrancistown
1%
BeninDepartmentZou
1%
San MarinoMunicipalityFiorentino
1%
BruneiDistrictTemburong
1%
BangladeshDivisionRangpur
1%
TaiwanCountyHualien
1%
BelizeDistrictCayo
1%
Saint LuciaQuarterChoiseul
1%
TaiwanCityKeelung
1%
TaiwanCountyMiaoli
1%
TaiwanCountyNantou
1%
TaiwanCountyPenghu
1%
TaiwanCityChiayi
1%
ChadRegionSila
1%
TaiwanCountyPingtung
1%
ChadRegionTibesti
1%
BangladeshDivisionRajshahi
1%
ChileRegionAraucanía
1%
ChileRegionAysén
1%
TaiwanCityHsinchu
1%
TaiwanCountyChanghua
1%
San MarinoMunicipalityFaetano
1%
SyriaProvinceAl-Hasakah
1%
San MarinoMunicipalityDomagnano
1%
BeninDepartmentOuémé
1%
San MarinoMunicipalityChiesanuova
1%
BeninDepartmentMono
1%
San MarinoMunicipalityAcquaviva
1%
BeninDepartmentLittoral
1%
BeninDepartmentDonga
1%
SyriaProvinceTartus
1%
SyriaProvinceDaraa
1%
SyriaProvinceDeir ez-Zor
1%
BeninDepartmentAtlantique
1%
SyriaProvinceQuneitra
1%
Saint Vincent and the GrenadinesParishCharlotte
1%
BelizeDistrictCorozal
1%
SerbiaDistrictZlatibor
1%
BruneiDistrictTutong
1%
ChileRegionMaule
1%
CambodiaProvinceKoh Kong
1%
South SudanStateUnity
1%
South SudanStateEastern Equatoria
1%
South SudanStateCentral Equatoria
1%
CambodiaProvinceBattambang
1%
South KoreaProvinceSouth Gyeongsang
1%
South KoreaProvinceSouth Chungcheong
1%
South KoreaProvinceSejong
1%
SloveniaMunicipalityGornja Radgona
1%
South KoreaProvinceNorth Gyeongsang
1%
SloveniaMunicipalityGrad
1%
South KoreaProvinceNorth Chungcheong
1%
CambodiaProvinceKampot
1%
CambodiaProvinceKandal
1%
CambodiaProvinceKep
1%
SloveniaMunicipalityIzola
1%
BulgariaProvinceYambol
1%
SloveniaMunicipalityMuta
1%
Cape VerdeMunicipalityBrava
1%
SloveniaMunicipalitySlovenska Bistrica
1%
SloveniaCity MunicipalityPtuj
1%
SloveniaMunicipalityPiran
1%
Cape VerdeMunicipalityMaio
1%
SloveniaCity MunicipalityVelenje
1%
SloveniaMunicipalityMiren-Kostanjevica
1%
SloveniaMunicipalityJesenice
1%
Cape VerdeMunicipalityBoa Vista
1%
CameroonRegionFar North
1%
Solomon IslandsProvinceIsabel
1%
CameroonRegionAdamawa
1%
SloveniaCity MunicipalityKranj
1%
SomaliaRegionNugal
1%
SloveniaMunicipalityBohinj
1%
BulgariaProvinceVratsa
1%
BulgariaProvinceDobrich
1%
SeychellesDistrictCascade
1%
SurinameDistrictMarowijne
1%
SurinameDistrictNickerie
1%
BulgariaProvincePernik
1%
BulgariaProvincePazardzhik
1%
SurinameDistrictSaramacca
1%
SurinameDistrictSipaliwini
1%
SurinameDistrictWanica
1%
SurinameDistrictCommewijne
1%
BulgariaProvinceLovech
1%
BulgariaProvinceKyustendil
1%
BulgariaProvinceKardzhali
1%
BulgariaProvinceHaskovo
1%
SeychellesDistrictAu Cap
1%
BulgariaProvinceGabrovo
1%
SurinameDistrictCoronie
1%
SurinameDistrictBrokopondo
1%
BulgariaProvinceVidin
1%
BulgariaProvinceSmolyan
1%
Sri LankaProvinceSabaragamuwa
1%
Cape VerdeMunicipalitySão Vicente
1%
BulgariaProvinceVeliko Tarnovo
1%
BulgariaProvinceTargovishte
1%
SudanStateCentral Darfur
1%
SudanStateKassala
1%
BulgariaProvinceSliven
1%
BulgariaProvincePleven
1%
SudanStateNorth Kordofan
1%
BulgariaProvinceSilistra
1%
BulgariaProvinceShumen
1%
SudanStateSouth Kordofan
1%
BulgariaProvinceRazgrad
1%
SudanStateWest Kordofan
1%
BangladeshDivisionMymensingh
1%
ChileRegionÑuble
1%
PeruDepartamentJunín
1%
TanzaniaRegionKigoma
1%
Dominican RepublicProvinceEl Seibo
1%
Dominican RepublicProvinceDuarte
1%
Dominican RepublicProvinceBarahona
1%
Dominican RepublicProvinceAzua
1%
DjiboutiRegionTadjourah
1%
DjiboutiRegionObock
1%
DjiboutiRegionDikhil
1%
DjiboutiRegionAli Sabieh
1%
Democratic Republic of the CongoProvinceSouth Kivu
1%
Democratic Republic of the CongoProvinceNorth Kivu
1%
QatarMunicipalityAl Rayyan
1%
TanzaniaRegionMwanza
1%
TanzaniaRegionMjini Magharibi
1%
BahamasDistrictSouth Abaco
1%
Republic of the CongoDepartmentPlateaux
1%
Dominican RepublicProvinceHato Mayor
1%
RomaniaCountyBrăila
1%
RomaniaCountyDâmbovița
1%
RomaniaCountyCovasna
1%
Democratic Republic of the CongoProvinceKongo Central
1%
RomaniaCountyCaraș-Severin
1%
RomaniaCountyBuzău
1%
BahamasDistrictWest Grand Bahama
1%
RomaniaCountyBotoșani
1%
Republic of the CongoDepartmentSangha
1%
RomaniaCountyBistrița-Năsăud
1%
RomaniaCountyBihor
1%
RomaniaCountyBacău
1%
RomaniaCountyArgeș
1%
BahamasDistrictSpanish Wells
1%
BahamasDistrictSouth Eleuthera
1%
Dominican RepublicProvinceElías Piña
1%
Dominican RepublicProvinceIndependencia
1%
BahrainProvinceMuharraq
1%
PeruDepartamentUcayali
1%
East TimorMunicipalityBobonaro
1%
PhilippinesAdministrative RegionCentral Visayas
1%
PhilippinesAdministrative RegionCaraga
1%
PhilippinesAdministrative RegionCagayan Valley
1%
PhilippinesAdministrative RegionBicol
1%
PhilippinesAutonomous RegionBangsamoro Autonomous Region in Muslim Mindanao
1%
PeruDepartamentTumbes
1%
PhilippinesAdministrative RegionEastern Visayas
1%
PeruDepartamentPiura
1%
PeruDepartamentPasco
1%
PeruDepartamentMoquegua
1%
BahamasDistrictNorth Eleuthera
1%
East TimorMunicipalityOecusse
1%
PeruDepartamentLambayeque
1%
East TimorMunicipalityBaucau
1%
PhilippinesAdministrative RegionIlocos
1%
Dominican RepublicProvinceLa Altagracia
1%
Dominican RepublicProvinceSánchez Ramírez
1%
Dominican RepublicProvinceLa Romana
1%
Dominican RepublicProvinceLa Vega
1%
TurkeyProvinceNevşehir
1%
Dominican RepublicProvinceMonte Plata
1%
Dominican RepublicProvincePuerto Plata
1%
Dominican RepublicProvinceSamaná
1%
Dominican RepublicProvinceValverde
1%
ThailandProvinceBuriram
1%
PhilippinesAdministrative RegionZamboanga Peninsula
1%
PhilippinesAdministrative RegionWestern Visayas
1%
PhilippinesAdministrative RegionSouthwestern Tagalog
1%
PhilippinesAdministrative RegionSouthern Tagalog Mainland
1%
PhilippinesAdministrative RegionSOCCSKSARGEN
1%
PhilippinesAdministrative RegionNorthern Mindanao
1%
RomaniaCountyDolj
1%
RomaniaCountyGiurgiu
1%
ChileRegionTarapacá
1%
ColombiaDepartmentValle del Cauca
1%
CroatiaCountyKrapina-Zagorje
1%
CroatiaCountyKoprivnica-Križevci
1%
CroatiaCountyBrod-Posavina
1%
CroatiaCountyBjelovar-Bilogora
1%
Costa RicaProvincePuntarenas
1%
Costa RicaProvinceHeredia
1%
Costa RicaProvinceGuanacaste
1%
Costa RicaProvinceCartago
1%
Costa RicaProvinceAlajuela
1%
ComorosIslandMohéli
1%
ComorosIslandGrande Comore
1%
ComorosIslandAnjouan
1%
ColombiaDepartmentVichada
1%
ColombiaDepartmentVaupés
1%
ColombiaDepartmentTolima
1%
CroatiaCountySisak-Moslavina
1%
ColombiaDepartmentGuainía
1%
ColombiaDepartmentBoyacá
1%
ColombiaDepartmentCaldas
1%
ColombiaDepartmentCaquetá
1%
ColombiaDepartmentCasanare
1%
ColombiaDepartmentCesar
1%
ColombiaDepartmentCundinamarca
1%
ColombiaDepartmentGuaviare
1%
ColombiaDepartmentRisaralda
1%
ColombiaDepartmentLa Guajira
1%
ColombiaDepartmentMagdalena
1%
ColombiaDepartmentNariño
1%
ColombiaDepartmentNorte de Santander
1%
ColombiaDepartmentPutumayo
1%
ColombiaDepartmentQuindío
1%
CroatiaCountyMeđimurje
1%
CroatiaCountyVaraždin
1%
RomaniaCountyGorj
1%
TajikistanRegionDistricts of Republican Subordination
1%
RomaniaCountySuceava
1%
TaiwanCountyYunlin
1%
RomaniaCountySălaj
1%
RomaniaCountyPrahova
1%
RomaniaCountyOlt
1%
RomaniaCountyNeamț
1%
RomaniaCountyMehedinți
1%
TaiwanSpecial municipalityTaoyuan
1%
Democratic Republic of the CongoProvinceKasaï
1%
RomaniaCountyIlfov
1%
BangladeshDivisionBarisal
1%
RomaniaCountyIalomița
1%
RomaniaCountyHunedoara
1%
RomaniaCountyHarghita
1%
RomaniaCountyTeleorman
1%
TaiwanCountyTaitung
1%
CroatiaCountyVirovitica-Podravina
1%
CubaProvinceMatanzas
1%
CroatiaCountyVukovar-Srijem
1%
CubaProvinceArtemisa
1%
CubaProvinceCiego de Ávila
1%
CubaProvinceGranma
1%
CubaProvinceHolguín
1%
CubaProvinceLas Tunas
1%
CubaProvinceMayabeque
1%
RomaniaCountyVâlcea
1%
CubaProvincePinar del Río
1%
CubaProvinceSancti Spíritus
1%
CubaProvinceVilla Clara
1%
Czech RepublicRegionVysočina
1%
RomaniaCountyVrancea
1%
RomaniaCountyVaslui
1%
MoroccoRegionDakhla-Oued Ed-Dahab
1%
TaiwanCountyYilan
1%
MoroccoRegionBéni Mellal-Khénifra
1%
AngolaProvinceLunda Sul
1%
AlgeriaProvinceTébessa
1%
AlgeriaProvinceTiaret
1%
AlgeriaProvinceTindouf
1%
AlgeriaProvinceTipaza
1%
AlgeriaProvinceTizi Ouzou
1%
AlgeriaProvinceTouggourt
1%
AngolaProvinceBengo
1%
AngolaProvinceBenguela
1%
AngolaProvinceCuando Cubango
1%
AngolaProvinceCuanza Norte
1%
AngolaProvinceCuanza Sul
1%
AngolaProvinceHuambo
1%
AngolaProvinceLunda Norte
1%
AngolaProvinceMalanje
1%
AlgeriaProvinceSkikda
1%
AngolaProvinceMoxico
1%
AngolaProvinceNamibe
1%
AngolaProvinceUíge
1%
LebanonProvinceAkkar
1%
ArmeniaProvinceAragatsotn
1%
ArmeniaProvinceArmavir
1%
IcelandMunicipalityHafnarfjörður
1%
ArmeniaProvinceGegharkunik
1%
LebanonProvinceNabatieh
1%
ArmeniaProvinceKotayk
1%
LesothoDistrictButha-Buthe
1%
ArmeniaProvinceShirak
1%
ArmeniaProvinceSyunik
1%
ArmeniaProvinceTavush
1%
AlgeriaProvinceSouk Ahras
1%
LatviaMunicipalityRoja
1%
AzerbaijanDistrictAbsheron
1%
AlgeriaProvinceGhardaïa
1%
LatviaMunicipalityJelgava
1%
AlgeriaProvinceAnnaba
1%
AlgeriaProvinceBatna
1%
AlgeriaProvinceBéchar
1%
AlgeriaProvinceBéjaïa
1%
AlgeriaProvinceBiskra
1%
AlgeriaProvinceBlida
1%
AlgeriaProvinceChlef
1%
AlgeriaProvinceDjanet
1%
AlgeriaProvinceDjelfa
1%
AlgeriaProvinceEl Bayadh
1%
AlgeriaProvinceEl Menia
1%
AlgeriaProvinceEl Oued
1%
AlgeriaProvinceGuelma
1%
AlgeriaProvinceSidi Bel Abbès
1%
AlgeriaProvinceIllizi
1%
AlgeriaProvinceIn Guezzam
1%
AlgeriaProvinceJijel
1%
AlgeriaProvinceKhenchela
1%
LatviaMunicipalityOgre
1%
AlgeriaProvinceLaghouat
1%
AlgeriaProvinceM'sila
1%
AlgeriaProvinceMascara
1%
AlgeriaProvinceMédéa
1%
AlgeriaProvinceMostaganem
1%
AlgeriaProvinceOuargla
1%
AlgeriaProvinceRelizane
1%
AlgeriaProvinceSaïda
1%
AlgeriaProvinceSétif
1%
ArmeniaProvinceVayots Dzor
1%
AzerbaijanDistrictAgdam
1%
AlbaniaCountyLezhë
1%
LuxembourgCantonWiltz
1%
LithuaniaCountyMarijampolė
1%
LithuaniaCountyPanevėžys
1%
LithuaniaCountyTauragė
1%
LithuaniaCountyTelšiai
1%
LithuaniaCountyUtena
1%
LuxembourgCantonCapellen
1%
LuxembourgCantonClervaux
1%
LuxembourgCantonEchternach
1%
LuxembourgCantonGrevenmacher
1%
LuxembourgCantonMersch
1%
LuxembourgCantonRedange
1%
LuxembourgCantonRemich
1%
LuxembourgCantonVianden
1%
MadagascarProvinceDiana
1%
NicaraguaDepartmentCarazo
1%
MalaysiaFederal TerritoryLabuan
1%
IcelandMunicipalityAkranes
1%
MalaysiaStateNegeri Sembilan
1%
MalaysiaStatePahang
1%
HungaryCountyZala
1%
HungaryCountyVeszprém
1%
HungaryCountyTolna
1%
HungaryCountySzabolcs-Szatmár-Bereg
1%
HungaryCountySomogy
1%
HungaryCountyNógrád
1%
MalaysiaStateTerengganu
1%
MaldivesCityAddu
1%
HungaryCountyKomárom-Esztergom
1%
HungaryCountyJász-Nagykun-Szolnok
1%
LithuaniaCountyAlytus
1%
LiechtensteinMunicipalityTriesenberg
1%
LiberiaCountyBong
1%
LibyaDistrictMisrata
1%
AzerbaijanDistrictBalakan
1%
UkraineRegionKirovohrad
1%
AzerbaijanDistrictBarda
1%
UkraineRegionKhmelnytskyi
1%
LiberiaCountyRiver Gee
1%
LibyaDistrictAl Wahat
1%
AzerbaijanDistrictGobustan
1%
LibyaDistrictButnan
1%
LibyaDistrictDerna
1%
LibyaDistrictJabal al Akhdar
1%
LibyaDistrictJabal al Gharbi
1%
LibyaDistrictJufra
1%
LibyaDistrictKufra
1%
LibyaDistrictMurqub
1%
LiechtensteinMunicipalityTriesen
1%
LibyaDistrictMurzuq
1%
LibyaDistrictNalut
1%
LibyaDistrictNuqat al Khams
1%
LibyaDistrictSabha
1%
LibyaDistrictWadi al Hayaa
1%
LibyaDistrictWadi al Shatii
1%
LibyaDistrictZawiya
1%
LiechtensteinMunicipalityBalzers
1%
LiechtensteinMunicipalityEschen
1%
LiechtensteinMunicipalityGamprin
1%
LiechtensteinMunicipalityMauren
1%
LiechtensteinMunicipalityPlanken
1%
LiechtensteinMunicipalityRuggell
1%
LiechtensteinMunicipalitySchellenberg
1%
LatviaMunicipalityJēkabpils
1%
AlbaniaCountyKukës
1%
HungaryCountyHeves
1%
KazakhstanRegionMangystau
1%
JordanProvinceIrbid
1%
JordanProvinceJerash
1%
IndonesiaProvinceBangka Belitung Islands
1%
AfghanistanProvinceJowzjan
1%
JordanProvinceMafraq
1%
AfghanistanProvinceKapisa
1%
AfghanistanProvinceKhost
1%
YemenProvinceHadramaut
1%
AfghanistanProvinceKunar
1%
KazakhstanCityBaikonur
1%
KazakhstanRegionJambyl
1%
KazakhstanRegionKostanay
1%
KazakhstanRegionKyzylorda
1%
YemenProvinceAl Mahwit
1%
IranProvinceAlborz
1%
YemenProvinceAl Jawf
1%
AfghanistanProvinceLaghman
1%
VietnamProvinceQuảng Trị
1%
KenyaCountyKisumu
1%
VietnamProvinceNinh Bình
1%
VietnamProvinceLào Cai
1%
KenyaCountyNakuru
1%
AfghanistanProvinceLogar
1%
AfghanistanProvinceNangarhar
1%
VietnamProvinceHà Tĩnh
1%
KenyaCountyTurkana
1%
AfghanistanProvinceNimruz
1%
VietnamProvinceHà Giang
1%
KiribatiCouncilAbaiang
1%
IndonesiaProvinceBengkulu
1%
IranProvinceBushehr
1%
VietnamProvinceĐắk Lắk
1%
ZambiaProvinceCopperbelt
1%
Ivory CoastDistrictSavanes
1%
JamaicaParishTrelawny
1%
JamaicaParishWestmoreland
1%
AfghanistanProvinceBaghlan
1%
AfghanistanProvinceBamyan
1%
AfghanistanProvinceDaykundi
1%
IrelandCountyFingal
1%
IrelandCountyDún Laoghaire–Rathdown
1%
IraqProvinceSulaymaniyah
1%
IraqProvinceNineveh
1%
IraqProvinceNajaf
1%
AfghanistanProvinceFarah
1%
IraqProvinceKarbala
1%
IraqProvinceDuhok
1%
IranProvinceChaharmahal and Bakhtiari
1%
YemenProvinceTaiz
1%
AfghanistanProvinceFaryab
1%
IranProvinceZanjan
1%
IranProvinceSemnan
1%
IranProvinceRazavi Khorasan
1%
IranProvinceQazvin
1%
IranProvinceMazandaran
1%
IranProvinceMarkazi
1%
AfghanistanProvinceGhazni
1%
IranProvinceKermanshah
1%
IranProvinceIlam
1%
IranProvinceHormozgān
1%
IranProvinceHamadan
1%
IranProvinceGolestan
1%
VietnamProvinceĐiện Biên
1%
KiribatiCouncilBetio
1%
UruguayDepartamentArtigas
1%
AfghanistanProvinceUrozgan
1%
VenezuelaStateBarinas
1%
VenezuelaStateAragua
1%
VenezuelaStateApure
1%
LaosProvinceSavannakhét
1%
VenezuelaStateAnzoátegui
1%
AfghanistanProvinceParwan
1%
VanuatuProvinceTorba
1%
AfghanistanProvinceSamangan
1%
UzbekistanRegionXorazm
1%
AfghanistanProvinceSar-e Pol
1%
AfghanistanProvinceTakhar
1%
LatviaMunicipalityApe
1%
UzbekistanRegionNavoiy
1%
UzbekistanRegionFergana
1%
VenezuelaStateCarabobo
1%
AfghanistanProvinceWardak
1%
UzbekistanRegionAndijan
1%
UruguayDepartamentTreinta y Tres
1%
UruguayDepartamentTacuarembó
1%
UruguayDepartamentSoriano
1%
LatviaMunicipalityCēsis
1%
UruguayDepartamentRocha
1%
UruguayDepartamentRivera
1%
UruguayDepartamentPaysandú
1%
AlbaniaCountyDibër
1%
UruguayDepartamentMaldonado
1%
UruguayDepartamentDurazno
1%
UruguayDepartamentCerro Largo
1%
UruguayDepartamentCanelones
1%
AfghanistanProvincePanjshir
1%
VenezuelaStateCojedes
1%
AfghanistanProvinceNuristan
1%
KuwaitProvinceFarwaniya
1%
VietnamMunicipalityCần Thơ
1%
VietnamProvinceBình Định
1%
VietnamProvinceAn Giang
1%
VenezuelaStateZulia
1%
VenezuelaStateYaracuy
1%
KosovoDistrictFerizaj
1%
KosovoDistrictGjakova
1%
KosovoDistrictGjilan
1%
KosovoDistrictMitrovica
1%
VenezuelaStateVargas
1%
AfghanistanProvincePaktia
1%
VenezuelaStateTáchira
1%
KuwaitProvinceAhmadi
1%
VenezuelaStatePortuguesa
1%
KuwaitProvinceHawalli
1%
VenezuelaStateDelta Amacuro
1%
KuwaitProvinceJahra
1%
VenezuelaStateNueva Esparta
1%
KyrgyzstanRegionBatken
1%
VenezuelaStateMonagas
1%
KyrgyzstanRegionChuy
1%
VenezuelaStateMiranda
1%
AfghanistanProvincePaktika
1%
VenezuelaStateLara
1%
IcelandMunicipalityKópavogur
1%
KyrgyzstanRegionTalas
1%
VenezuelaStateGuárico
1%
VenezuelaDependencyFederal Dependencies
1%
VenezuelaStateFalcón
1%
LaosProvinceChampasak
1%
MaldivesAtollHaddhunmathi
1%
AngolaProvinceCunene
1%
UgandaDistrictLira
1%
HungaryCountyBékés
1%
MontenegroMunicipalityTivat
1%
MaliRegionKidal
1%
TurkeyProvinceŞırnak
1%
HaitiDepartmentNippes
1%
HungaryCountyBács-Kiskun
1%
MontenegroMunicipalityDanilovgrad
1%
HungaryCountyBaranya
1%
HondurasDepartmentBay Islands
1%
MontenegroMunicipalityCetinje
1%
TurkeyProvinceOsmaniye
1%
GuineaRegionLabé
1%
GuatemalaDepartmentQuiché
1%
HondurasDepartmentLempira
1%
HungaryCountyBorsod-Abaúj-Zemplén
1%
HungaryCountyCsongrád
1%
HondurasDepartmentCopán
1%
HondurasDepartmentCortés
1%
TurkeyProvinceTokat
1%
MontenegroMunicipalityHerceg Novi
1%
AzerbaijanCityLankaran
1%
HondurasDepartmentGracias a Dios
1%
MaliRegionSikasso
1%
Marshall IslandsMunicipalityEbon Atoll
1%
Marshall IslandsMunicipalityAur Atoll
1%
GuyanaGovernorateMahaica-Berbice
1%
GuyanaGovernorateEssequibo Islands-West Demerara
1%
TuvaluIslandNui
1%
TurkeyProvinceSakarya
1%
MaliRegionTombouctou
1%
GuyanaGovernorateDemerara-Mahaica
1%
ThailandProvinceKhon Kaen
1%
HaitiDepartmentGrand'Anse
1%
MaliRegionSégou
1%
MaliRegionMopti
1%
GuyanaGovernorateUpper Demerara-Berbice
1%
MontenegroMunicipalityNikšić
1%
GuyanaGovernorateUpper Takutu-Upper Essequibo
1%
Guinea-BissauRegionOio
1%
HaitiDepartmentArtibonite
1%
GuatemalaDepartmentQuetzaltenango
1%
UgandaDistrictJinja
1%
MoldovaMunicipalityBender
1%
HondurasDepartmentComayagua
1%
TurkeyProvinceTunceli
1%
TurkeyProvinceYalova
1%
TurkmenistanRegionDaşoguz
1%
MauritaniaRegionNouakchott-Nord
1%
GuineaRegionBoké
1%
MonacoWardLa Rousse
1%
MauritaniaRegionNouakchott-Sud
1%
MonacoWardLa Condamine
1%
MontenegroMunicipalityUlcinj
1%
AfghanistanProvinceBadghis
1%
MonacoWardFontvieille
1%
MauritaniaRegionNouakchott-Ouest
1%
HungaryCountyHajdú-Bihar
1%
MoldovaDistrictOrhei
1%
MongoliaProvinceUvs
1%
MongoliaProvinceKhovd
1%
HungaryCountyFejér
1%
MonacoWardJardin Exotique
1%
TurkeyProvinceYozgat
1%
TurkmenistanRegionLebap
1%
MonacoWardLes Moneghetti
1%
MauritiusIslandRodrigues
1%
TurkeyProvinceZonguldak
1%
MoldovaDistrictCălărași
1%
MongoliaProvinceSukhbaatar
1%
MongoliaProvinceBayan-Ulgii
1%
TurkeyProvinceUşak
1%
Marshall IslandsMunicipalityMili Atoll
1%
MaldivesAtollMaalhosmadulu Uthuruburi
1%
BotswanaTownshipSowa
0%
BotswanaTownSelebi-Phikwe
0%
AzerbaijanDistrictOrdubad
0%
VietnamProvinceTrà Vinh
0%
VietnamProvinceThái Nguyên
0%
VietnamProvinceTuyên Quang
0%
VietnamProvinceThanh Hóa
0%
VietnamProvinceThừa Thiên-Huế
0%
VietnamProvinceTiền Giang
0%
VietnamProvinceThái Bình
0%
AzerbaijanDistrictKalbajar
0%
AzerbaijanDistrictQusar
0%
VietnamProvinceVĩnh Long
0%
YemenProvinceAmran
0%
TuvaluIslandNiulakita
0%
YemenProvinceAl Hudaydah
0%
AzerbaijanDistrictQubadli
0%
TuvaluIslandNanumea
0%
VietnamProvinceTây Ninh
0%
YemenProvinceAl Bayda
0%
AzerbaijanDistrictSaatly
0%
YemenProvinceAbyan
0%
TuvaluIslandNanumanga
0%
AzerbaijanDistrictQazakh
0%
AzerbaijanDistrictJulfa
0%
AzerbaijanDistrictJabrayil
0%
YemenProvinceDhamar
0%
YemenProvinceHajjah
0%
VietnamProvinceYên Bái
0%
AzerbaijanDistrictJalilabad
0%
AzerbaijanDistrictQabala
0%
YemenProvinceAl Mahrah
0%
VietnamProvinceVĩnh Phúc
0%
SudanStateSennar
0%
ThailandProvincePathum Thani
0%
VietnamProvinceQuảng Ngãi
0%
VietnamProvinceSơn La
0%
BhutanDistrictDagana
0%
VietnamProvinceHà Nam
0%
AzerbaijanDistrictShabran
0%
TuvaluIslandNukulaelae
0%
VietnamProvinceHải Dương
0%
AzerbaijanDistrictSamukh
0%
BhutanDistrictChhukha
0%
BhutanDistrictGasa
0%
VietnamProvinceĐồng Tháp
0%
BhutanDistrictLhuentse
0%
VietnamProvinceHậu Giang
0%
AzerbaijanDistrictSalyan
0%
VietnamProvinceHòa Bình
0%
VietnamProvinceHưng Yên
0%
VietnamProvinceKhánh Hòa
0%
VietnamProvinceGia Lai
0%
VietnamProvinceĐồng Nai
0%
VietnamProvinceKon Tum
0%
BeninDepartmentAtakora
0%
VietnamProvinceBình Dương
0%
VietnamProvinceBình Phước
0%
VietnamProvinceBình Thuận
0%
BeninDepartmentAlibori
0%
VietnamProvinceCà Mau
0%
TuvaluIslandVaitupu
0%
VietnamProvinceCao Bằng
0%
AzerbaijanDistrictShahbuz
0%
BeninDepartmentBorgou
0%
BeninDepartmentCollines
0%
AzerbaijanDistrictShamakhi
0%
SyriaProvinceAs-Suwayda
0%
BeninDepartmentKouffo
0%
VietnamProvinceĐắk Nông
0%
VietnamProvinceKiên Giang
0%
BhutanDistrictMongar
0%
BotswanaTownOrapa
0%
BotswanaTownJwaneng
0%
VietnamProvinceNinh Thuận
0%
VietnamProvincePhú Thọ
0%
BotswanaDistrictChobe
0%
VietnamProvincePhú Yên
0%
VietnamProvinceQuảng Bình
0%
VietnamProvinceQuảng Nam
0%
BotswanaDistrictKgalagadi
0%
VietnamProvinceNghệ An
0%
VietnamProvinceQuảng Ninh
0%
TuvaluIslandNiutao
0%
BotswanaDistrictKgatleng
0%
VietnamProvinceSóc Trăng
0%
BotswanaDistrictKweneng
0%
BotswanaTownLobatse
0%
AzerbaijanDistrictSabirabad
0%
BhutanDistrictZhemgang
0%
VietnamProvinceLai Châu
0%
BhutanDistrictSamdrup Jongkhar
0%
TuvaluIslandNukufetau
0%
VietnamProvinceLâm Đồng
0%
VietnamProvinceLạng Sơn
0%
BhutanDistrictPema Gatshel
0%
AzerbaijanDistrictSadarak
0%
VietnamProvinceLong An
0%
BhutanDistrictSamtse
0%
BhutanDistrictWangdue Phodrang
0%
BhutanDistrictSarpang
0%
BhutanDistrictTrashi Yangtse
0%
BhutanDistrictTrashigang
0%
BhutanDistrictTrongsa
0%
BhutanDistrictTsirang
0%
VietnamProvinceNam Định
0%
YemenProvinceRaymah
0%
BurundiProvinceCankuzo
0%
YemenProvinceSa'dah
0%
ZimbabweProvinceManicaland
0%
SloveniaMunicipalityTurnišče
0%
ZimbabweProvinceMashonaland West
0%
ZimbabweProvinceMashonaland East
0%
SloveniaMunicipalityVelika Polana
0%
SloveniaMunicipalityVelike Lašče
0%
ZimbabweProvinceMashonaland Central
0%
SloveniaMunicipalityVeržej
0%
SloveniaMunicipalityVidem
0%
SloveniaMunicipalityVipava
0%
SloveniaMunicipalityVitanje
0%
SloveniaMunicipalityVodice
0%
SloveniaMunicipalityVojnik
0%
SloveniaMunicipalityVransko
0%
SloveniaMunicipalityVrhnika
0%
SloveniaMunicipalityVuzenica
0%
SloveniaMunicipalityTržič
0%
SloveniaMunicipalityZreče
0%
SomaliaRegionAwdal
0%
Solomon IslandsProvinceTemotu
0%
Solomon IslandsProvinceRennell and Bellona
0%
Solomon IslandsProvinceMalaita
0%
AzerbaijanCityMingachevir
0%
SloveniaMunicipalityŽužemberk
0%
SloveniaMunicipalityŽirovnica
0%
SloveniaMunicipalityZagorje ob Savi
0%
SloveniaMunicipalityŽiri
0%
AzerbaijanDistrictLerik
0%
SloveniaMunicipalityŽetale
0%
SloveniaMunicipalityŽelezniki
0%
SloveniaMunicipalityZavrč
0%
SloveniaMunicipalityŽalec
0%
SloveniaMunicipalityTrzin
0%
SloveniaMunicipalityTrnovska Vas
0%
SomaliaRegionBanaadir
0%
SloveniaMunicipalitySolčava
0%
SloveniaMunicipalitySevnica
0%
SloveniaMunicipalitySežana
0%
SloveniaMunicipalityŠkocjan
0%
SloveniaMunicipalityŠkofja Loka
0%
ZimbabweProvinceMatabeleland South
0%
SloveniaMunicipalityŠkofljica
0%
SloveniaCity MunicipalitySlovenj Gradec
0%
ZimbabweProvinceMatabeleland North
0%
SloveniaMunicipalitySlovenske Konjice
0%
SloveniaMunicipalityŠmarje pri Jelšah
0%
SloveniaMunicipalityŠmarješke Toplice
0%
SloveniaMunicipalityŠmartno ob Paki
0%
SloveniaMunicipalityŠmartno pri Litiji
0%
SloveniaMunicipalitySodražica
0%
SloveniaMunicipalityŠoštanj
0%
SloveniaMunicipalityTrebnje
0%
SloveniaMunicipalitySveti Jurij v Slovenskih Goricah
0%
ZimbabweProvinceMasvingo
0%
SloveniaMunicipalityTrbovlje
0%
SloveniaMunicipalityTolmin
0%
SloveniaMunicipalityTišina
0%
SloveniaMunicipalityTabor
0%
SloveniaMunicipalitySveti Tomaž
0%
SloveniaMunicipalitySveti Jurij ob Ščavnici
0%
SloveniaMunicipalitySredišče ob Dravi
0%
SloveniaMunicipalitySveti Andraž v Slovenskih Goricah
0%
SloveniaMunicipalitySveta Trojica v Slovenskih Goricah
0%
SloveniaMunicipalitySveta Ana
0%
SloveniaMunicipalityStraža
0%
SloveniaMunicipalityŠtore
0%
SloveniaMunicipalityStarše
0%
SomaliaRegionBakool
0%
CambodiaProvinceTboung Khmum
0%
SudanStateAl Qadarif
0%
BurundiProvinceMuyinga
0%
AzerbaijanCityKhankendi
0%
South SudanStateJonglei
0%
CambodiaProvinceBanteay Meanchey
0%
South SudanStateNorthern Bahr el Ghazal
0%
South SudanAdministrative AreaPibor
0%
South SudanAdministrative AreaRuweng
0%
BurundiProvinceRuyigi
0%
South SudanStateWarrap
0%
South SudanStateWestern Bahr el Ghazal
0%
South SudanStateWestern Equatoria
0%
BurundiProvinceRutana
0%
BurundiProvinceRumonge
0%
BurundiProvinceNgozi
0%
BurundiProvinceMwaro
0%
BurundiProvinceMuramvya
0%
YemenProvinceShabwah
0%
AzerbaijanDistrictKhachmaz
0%
SudanStateAl Jazirah
0%
AzerbaijanDistrictNeftchala
0%
AzerbaijanDistrictKangarli
0%
Burkina FasoRegionBoucle du Mouhoun
0%
Burkina FasoRegionCascades
0%
BurundiProvinceBubanza
0%
BurundiProvinceBujumbura Rural
0%
BurundiProvinceMakamba
0%
BurundiProvinceBururi
0%
VietnamProvinceBến Tre
0%
BurundiProvinceCibitoke
0%
BurundiProvinceKaruzi
0%
BurundiProvinceKayanza
0%
BurundiProvinceKirundo
0%
CambodiaProvinceKampong Cham
0%
CambodiaProvinceKampong Chhnang
0%
CambodiaProvinceTakéo
0%
SomaliaRegionMudug
0%
CambodiaProvinceSvay Rieng
0%
SomaliaRegionWoqooyi Galbeed
0%
SomaliaRegionTogdheer
0%
SomaliaRegionSool
0%
SomaliaRegionSanaag
0%
AzerbaijanCityNaftalan
0%
SomaliaRegionMiddle Shabelle
0%
CambodiaProvinceRatanak Kiri
0%
SomaliaRegionMiddle Juba
0%
SomaliaRegionLower Shabelle
0%
SomaliaRegionLower Juba
0%
SomaliaRegionHiran
0%
SomaliaRegionGedo
0%
SomaliaRegionGalguduud
0%
CambodiaProvinceSteung Treng
0%
CambodiaProvincePursat
0%
CambodiaProvinceKampong Speu
0%
CambodiaProvinceKratié
0%
AzerbaijanDistrictKhizi
0%
AzerbaijanDistrictKhojali
0%
CambodiaProvinceKampong Thom
0%
ZambiaProvinceLuapula
0%
AzerbaijanDistrictKhojavend
0%
AzerbaijanDistrictKurdamir
0%
CambodiaProvinceMondulkiri
0%
CambodiaProvincePrey Veng
0%
CambodiaProvinceOddar Meanchey
0%
CambodiaProvincePailin
0%
CambodiaProvincePreah Sihanouk
0%
AzerbaijanDistrictLachin
0%
ZambiaProvinceMuchinga
0%
CambodiaProvincePreah Vihear
0%
AzerbaijanDistrictShamkir
0%
AzerbaijanCitySumqayit
0%
VietnamProvinceBắc Ninh
0%
UgandaDistrictLuuka
0%
AzerbaijanDistrictFizuli
0%
ThailandProvinceChai Nat
0%
ThailandProvinceChaiyaphum
0%
ThailandProvinceChanthaburi
0%
AzerbaijanDistrictGadabay
0%
UgandaDistrictKyotera
0%
TongaAdministrative divisionOngo Niua
0%
UgandaDistrictLamwo
0%
TongaAdministrative divisionEua
0%
AzerbaijanDistrictGoranboy
0%
AzerbaijanDistrictGoychay
0%
UgandaDistrictLusot
0%
AzerbaijanDistrictGoygol
0%
ThailandProvinceYasothon
0%
ThailandProvinceUttaradit
0%
AzerbaijanDistrictDashkasan
0%
ThailandProvinceSuphan Buri
0%
ThailandProvinceSaraburi
0%
ThailandProvinceSatun
0%
ThailandProvinceSing Buri
0%
ThailandProvinceSisaket
0%
UgandaDistrictWakiso
0%
UgandaDistrictManafwa
0%
BahamasDistrictHope Town
0%
ThailandProvinceUthai Thani
0%
AzerbaijanDistrictHajigabul
0%
UgandaDistrictLyantonde
0%
UgandaDistrictYumbe
0%
UgandaDistrictZombo
0%
UgandaDistrictLwengo
0%
UgandaDistrictLuweero
0%
TongaAdministrative divisionVava'u
0%
AzerbaijanDistrictBilasuvar
0%
UgandaDistrictSoroti
0%
UgandaDistrictKyankwanzi
0%
UgandaDistrictKole
0%
TanzaniaRegionSingida
0%
UgandaDistrictKotido
0%
UgandaDistrictKumi
0%
Trinidad and TobagoRegionSiparia
0%
TanzaniaRegionSongwe
0%
TanzaniaRegionTabora
0%
Trinidad and TobagoRegionSangre Grande
0%
UgandaDistrictKwania
0%
TanzaniaRegionUnguja North
0%
TanzaniaRegionUnguja South
0%
UgandaDistrictKween
0%
ThailandProvinceAmnat Charoen
0%
ThailandProvinceAng Thong
0%
BahamasDistrictRagged Island
0%
AzerbaijanDistrictBeylagan
0%
AzerbaijanDistrictAstara
0%
Trinidad and TobagoMunicipalityArima
0%
ThailandProvinceChachoengsao
0%
UgandaDistrictKyenjojo
0%
Trinidad and TobagoRegionCouva–Tabaquite–Talparo
0%
Trinidad and TobagoRegionDiego Martin
0%
AzerbaijanDistrictBabek
0%
AzerbaijanDistrictAgsu
0%
Trinidad and TobagoMunicipalityPoint Fortin
0%
Trinidad and TobagoRegionMayaro–Rio Claro
0%
AzerbaijanDistrictAgstafa
0%
AzerbaijanDistrictAghjabadi
0%
AzerbaijanDistrictAgdash
0%
UgandaDistrictKyegegwa
0%
ThailandProvinceBueng Kan
0%
ThailandProvinceSamut Songkhram
0%
UgandaDistrictSironko
0%
UgandaDistrictKoboko
0%
UgandaDistrictMukono
0%
ThailandProvinceNakhon Nayok
0%
ThailandProvinceNakhon Pathom
0%
ThailandProvinceNakhon Phanom
0%
UgandaDistrictNamutumba
0%
UgandaDistrictNamisindwa
0%
UgandaDistrictNamayingo
0%
UgandaDistrictNakasongola
0%
UgandaDistrictNakaseke
0%
UgandaDistrictNakapiripirit
0%
UgandaDistrictNabilatuk
0%
BahamasDistrictMangrove Cay
0%
ThailandProvincePhitsanulok
0%
UgandaDistrictMasindi
0%
UgandaDistrictMayuge
0%
UgandaDistrictMbale
0%
UgandaDistrictNapak
0%
UgandaDistrictMubende
0%
ThailandProvinceNong Bua Lamphu
0%
UgandaDistrictMitooma
0%
UgandaDistrictMityana
0%
UgandaDistrictMoroto
0%
UgandaDistrictMoyo
0%
UgandaDistrictMpigi
0%
BahamasDistrictMayaguana
0%
ThailandProvinceNakhon Sawan
0%
ThailandProvincePhang Nga
0%
ThailandProvincePhatthalung
0%
ThailandProvincePhayao
0%
ThailandProvincePhetchabun
0%
UgandaDistrictMbarara
0%
ThailandProvincePhichit
0%
ThailandProvinceMukdahan
0%
UgandaDistrictNebbi
0%
ThailandProvinceSamut Sakhon
0%
ThailandProvinceKamphaeng Phet
0%
UgandaDistrictMaracha
0%
UgandaDistrictSheema
0%
ThailandProvinceSakon Nakhon
0%
ThailandProvinceSa Kaeo
0%
UgandaDistrictSerere
0%
ThailandProvinceRoi Et
0%
UgandaDistrictSembabule
0%
ThailandProvinceKalasin
0%
UgandaDistrictRwampara
0%
UgandaDistrictRukungiri
0%
ThailandProvinceRanong
0%
ThailandProvincePrachuap Khiri Khan
0%
ThailandProvincePrachinburi
0%
UgandaDistrictRukiga
0%
UgandaDistrictRubirizi
0%
ThailandProvinceMaha Sarakham
0%
MongoliaProvinceOrkhon
0%
UgandaDistrictNgora
0%
UgandaDistrictNtoroko
0%
UgandaDistrictNtungamo
0%
UgandaDistrictMasaka
0%
UgandaDistrictNwoya
0%
UgandaDistrictObongi
0%
UgandaDistrictOmoro
0%
UgandaDistrictRubanda
0%
UgandaDistrictOtuke
0%
UgandaDistrictOyam
0%
UgandaDistrictPader
0%
UgandaDistrictPakwach
0%
UgandaDistrictPallisa
0%
UgandaDistrictRakai
0%
TanzaniaRegionSimiyu
0%
UgandaDistrictKitgum
0%
VietnamProvinceBạc Liêu
0%
UgandaDistrictHoima
0%
UgandaDistrictButebo
0%
UgandaDistrictBuvuma
0%
AzerbaijanCityYevlakh
0%
UgandaDistrictBuyende
0%
VanuatuProvinceTafea
0%
VanuatuProvinceShefa
0%
VanuatuProvincePenama
0%
VanuatuProvinceMalampa
0%
UgandaDistrictDokolo
0%
UgandaDistrictGomba
0%
UzbekistanRegionSurxondaryo
0%
UzbekistanRegionSirdaryo
0%
UgandaDistrictGulu
0%
UzbekistanRegionQashqadaryo
0%
UzbekistanRegionNamangan
0%
UgandaDistrictButaleja
0%
UgandaDistrictKaabong
0%
UgandaDistrictKakumiro
0%
UgandaDistrictKagadi
0%
AzerbaijanDistrictZaqatala
0%
UgandaDistrictKaberamaido
0%
UgandaDistrictKabarole
0%
UgandaDistrictKabale
0%
UgandaDistrictIsingiro
0%
TunisiaProvinceZaghouan
0%
UgandaDistrictIganga
0%
UgandaDistrictIbanda
0%
TunisiaProvinceTozeur
0%
AzerbaijanDistrictZangilan
0%
SloveniaMunicipalityŠentjur
0%
UzbekistanRegionJizzakh
0%
UgandaDistrictButambala
0%
UgandaDistrictBushenyi
0%
TunisiaProvinceSiliana
0%
AzerbaijanDistrictSiazan
0%
VietnamProvinceBắc Kạn
0%
VietnamProvinceBắc Giang
0%
VietnamProvinceBà Rịa-Vũng Tàu
0%
AzerbaijanDistrictSharur
0%
UgandaDistrictAbim
0%
UgandaDistrictAdjumani
0%
UgandaDistrictAgago
0%
UgandaDistrictAlebtong
0%
UgandaDistrictAmolatar
0%
UgandaDistrictAmudat
0%
UgandaDistrictAmuria
0%
UgandaDistrictAmuru
0%
UgandaDistrictApac
0%
UgandaDistrictArua
0%
UgandaDistrictBudaka
0%
UgandaDistrictBunyangabu
0%
UgandaDistrictBukomansimbi
0%
UgandaDistrictBundibugyo
0%
UgandaDistrictBuliisa
0%
UgandaDistrictBulambuli
0%
AzerbaijanDistrictYardymli
0%
UgandaDistrictBukwa
0%
AzerbaijanDistrictUjar
0%
UgandaDistrictBukedea
0%
UgandaDistrictBududa
0%
AzerbaijanDistrictTovuz
0%
UgandaDistrictBuikwe
0%
UgandaDistrictBuhweju
0%
UgandaDistrictBugweri
0%
ThailandProvinceNong Khai
0%
UgandaDistrictBugiri
0%
UgandaDistrictKalangala
0%
AlgeriaProvinceAïn Defla
0%
UgandaDistrictKitagwenda
0%
TanzaniaRegionMtwara
0%
UgandaDistrictKasese
0%
UgandaDistrictKatakwi
0%
AlgeriaProvinceTimimoun
0%
TanzaniaRegionGeita
0%
TanzaniaRegionIringa
0%
TanzaniaRegionKagera
0%
TanzaniaRegionKatavi
0%
AlgeriaProvinceTissemsilt
0%
TanzaniaRegionLindi
0%
TanzaniaRegionManyara
0%
UgandaDistrictKayunga
0%
TanzaniaRegionMbeya
0%
UgandaDistrictKazo
0%
TanzaniaRegionMorogoro
0%
TunisiaProvinceAriana
0%
UgandaDistrictKasanda
0%
UgandaDistrictKibuku
0%
TanzaniaRegionShinyanga
0%
UgandaDistrictKisoro
0%
TanzaniaRegionRuvuma
0%
UgandaDistrictKiryandongo
0%
UgandaDistrictKiruhura
0%
UgandaDistrictKibuube
0%
AzerbaijanDistrictMasally
0%
UgandaDistrictKibaale
0%
TanzaniaRegionRukwa
0%
TanzaniaRegionPwani
0%
TanzaniaRegionPemba South
0%
TanzaniaRegionPemba North
0%
TanzaniaRegionNjombe
0%
UgandaDistrictKiboga
0%
AlgeriaProvinceTamanghasset
0%
UgandaDistrictKarenga
0%
AlgeriaProvinceAïn Témouchent
0%
UgandaDistrictTororo
0%
TunisiaProvinceSidi Bouzid
0%
AzerbaijanDistrictZardab
0%
UgandaDistrictKaliro
0%
TunisiaProvinceNabeul
0%
AlgeriaProvinceBéni Abbès
0%
UgandaDistrictKalungu
0%
TunisiaProvinceMedenine
0%
AlgeriaProvinceBordj Baji Mokhtar
0%
AlgeriaProvinceBordj Bou Arréridj
0%
AlgeriaProvinceBouïra
0%
AlgeriaProvinceBoumerdès
0%
TunisiaProvinceManouba
0%
TunisiaProvinceMahdia
0%
AzerbaijanDistrictImishli
0%
TunisiaProvinceKebili
0%
UgandaDistrictKapelebyong
0%
AlgeriaProvinceOuled Djellal
0%
TunisiaProvinceBen Arous
0%
TajikistanRegionSughd
0%
UgandaDistrictKapchorwa
0%
TunisiaProvinceGabès
0%
TajikistanRegionKhatlon
0%
AlgeriaProvinceOum el-Bouaghi
0%
UgandaDistrictKanungu
0%
AlgeriaProvinceEl M'Ghair
0%
TunisiaProvinceGafsa
0%
UgandaDistrictKamwenge
0%
TunisiaProvinceJendouba
0%
UgandaDistrictKamuli
0%
TunisiaProvinceKasserine
0%
AlgeriaProvinceEl Taref
0%
SloveniaMunicipalityŠentrupert
0%
JamaicaParishClarendon
0%
SloveniaMunicipalityŠentjernej
0%
IcelandMunicipalityÁrneshreppur
0%
MaldivesAtollMulak Atholhu
0%
MaldivesAtollMiladhunmadulu Uthuruburi
0%
MaldivesAtollMiladhunmadulu Dhekunuburi
0%
MaldivesAtollKolhumadulu
0%
MaldivesAtollHuvadhu Atholhu Uthuruburi
0%
MaldivesAtollHuvadhu Atholhu Dhekunuburi
0%
MaldivesAtollFuvahmulah
0%
MaldivesAtollFelidhu Atholhu
0%
MaldivesAtollFaadhippolhu
0%
IcelandMunicipalityAkrahreppur
0%
IcelandMunicipalityÁrborg
0%
IcelandMunicipalityÁsahreppur
0%
MaldivesAtollNilandhe Atholhu Uthuruburi
0%
IcelandMunicipalityBláskógabyggð
0%
MadagascarProvinceVatovavy-Fitovinany
0%
MadagascarProvinceVakinankaratra
0%
IcelandMunicipalityBlönduósbær
0%
MadagascarProvinceMenabe
0%
MadagascarProvinceMelaky
0%
MadagascarProvinceMatsiatra Ambony
0%
MadagascarProvinceItasy
0%
MadagascarProvinceIhorombe
0%
MadagascarProvinceBongolava
0%
MadagascarProvinceBoeny
0%
MaldivesAtollNilandhe Atholhu Dhekunuburi
0%
MaliRegionKoulikoro
0%
MadagascarProvinceAtsinanana
0%
Marshall IslandsMunicipalityLikiep Atoll
0%
MauritaniaRegionBrakna
0%
MauritaniaRegionAssaba
0%
Marshall IslandsMunicipalityWotje Atoll
0%
Marshall IslandsMunicipalityWotho Atoll
0%
Marshall IslandsMunicipalityUtirik Atoll
0%
Marshall IslandsMunicipalityUjae Atoll
0%
Marshall IslandsMunicipalityRongelap Atoll
0%
Marshall IslandsMunicipalityNamu Atoll
0%
Marshall IslandsMunicipalityNamorik Atoll
0%
Marshall IslandsMunicipalityMejit Island
0%
Marshall IslandsMunicipalityMaloelap Atoll
0%
HondurasDepartmentIntibucá
0%
MaliRegionMénaka
0%
Marshall IslandsMunicipalityKwajalein Atoll
0%
HondurasDepartmentOcotepeque
0%
Marshall IslandsMunicipalityJaluit Atoll
0%
Marshall IslandsMunicipalityJabat Island
0%
Marshall IslandsMunicipalityEnewetok
0%
Marshall IslandsMunicipalityArno Atoll
0%
Marshall IslandsMunicipalityAiluk Atoll
0%
Marshall IslandsMunicipalityAilinglaplap Atoll
0%
HondurasDepartmentOlancho
0%
HondurasDepartmentYoro
0%
MaliRegionTaoudénit
0%
MadagascarProvinceBetsiboka
0%
MadagascarProvinceAtsimo-Atsinanana
0%
MauritaniaRegionGuidimaka
0%
LesothoDistrictMafeteng
0%
LiberiaCountyGrand Gedeh
0%
LiberiaCountyGrand Cape Mount
0%
LiberiaCountyGrand Bassa
0%
LiberiaCountyGbarpolu
0%
LiberiaCountyBomi
0%
LesothoDistrictThaba-Tseka
0%
LesothoDistrictQuthing
0%
LesothoDistrictQacha's Nek
0%
LesothoDistrictMokhotlong
0%
LesothoDistrictMohale's Hoek
0%
IcelandMunicipalityGrindavíkurbær
0%
LesothoDistrictLeribe
0%
LiberiaCountyLofa
0%
LesothoDistrictBerea
0%
IcelandMunicipalityGrundarfjarðarbær
0%
IcelandMunicipalityGrýtubakkahreppur
0%
IcelandMunicipalityHelgafellssveit
0%
IcelandMunicipalityHörgársveit
0%
LatviaMunicipalityZilupe
0%
LatviaMunicipalityViļāni
0%
LatviaMunicipalityViļaka
0%
LatviaMunicipalityViesīte
0%
IcelandMunicipalityHornafjörður
0%
LatviaMunicipalityVecumnieki
0%
LiberiaCountyGrand Kru
0%
LiberiaCountyMargibi
0%
MadagascarProvinceAtsimo-Andrefana
0%
IcelandMunicipalityDjúpavogshreppur
0%
MadagascarProvinceAnosy
0%
MadagascarProvinceAndroy
0%
MadagascarProvinceAnalanjirofo
0%
MadagascarProvinceAnalamanga
0%
MadagascarProvinceAmoron'i Mania
0%
MadagascarProvinceAlaotra-Mangoro
0%
IcelandMunicipalityBolungarvík
0%
IcelandMunicipalityBorgarbyggð
0%
IcelandMunicipalityBorgarfjarðarhreppur
0%
IcelandMunicipalityDalabyggð
0%
IcelandMunicipalityDalvíkurbyggð
0%
IcelandMunicipalityEyja- og Miklaholtshreppur
0%
IcelandMunicipalityGrímsnes- og Grafningshreppur
0%
IcelandMunicipalityEyjafjarðarsveit
0%
IcelandMunicipalityFjallabyggð
0%
IcelandMunicipalityFjarðabyggð
0%
IcelandMunicipalityFljótsdalshérað
0%
IcelandMunicipalityFljótsdalshreppur
0%
LibyaDistrictJafara
0%
IcelandMunicipalityFlóahreppur
0%
IcelandMunicipalityGarðabær
0%
LiberiaCountySinoe
0%
LiberiaCountyRivercess
0%
LiberiaCountyNimba
0%
LiberiaCountyMontserrado
0%
MauritaniaRegionDakhlet Nouadhibou
0%
MauritaniaRegionHodh Ech Chargui
0%
LatviaMunicipalityVārkava
0%
MongoliaProvinceGovisumber
0%
MontenegroMunicipalityBijelo Polje
0%
MontenegroMunicipalityBerane
0%
GuatemalaDepartmentRetalhuleu
0%
MontenegroMunicipalityAndrijevica
0%
MongoliaProvinceZavkhan
0%
MongoliaProvinceUvurkhangai
0%
MongoliaProvinceUmnugovi
0%
GuatemalaDepartmentSacatepéquez
0%
MongoliaProvinceSelenge
0%
MongoliaProvinceKhuvsgul
0%
MongoliaProvinceKhentii
0%
MongoliaProvinceDundgovi
0%
MontenegroMunicipalityKolašin
0%
MongoliaProvinceDornogovi
0%
GuatemalaDepartmentSololá
0%
MongoliaProvinceDarkhan-Uul
0%
MongoliaProvinceBulgan
0%
MongoliaProvinceBayankhongor
0%
MongoliaProvinceArkhangai
0%
MonacoWardRavin de Sainte-Dévote
0%
GuatemalaDepartmentSuchitepéquez
0%
GuatemalaDepartmentTotonicapán
0%
MonacoWardLarvotto
0%
MoldovaDistrictUngheni
0%
MontenegroMunicipalityGusinje
0%
MontenegroMunicipalityMojkovac
0%
MoldovaDistrictTelenești
0%
MyanmarSelf-Administered ZoneKokang
0%
NamibiaRegionErongo
0%
MyanmarRegionTanintharyi
0%
GeorgiaRegionSamegrelo-Zemo Svaneti
0%
MyanmarRegionSagaing
0%
GeorgiaRegionSamtskhe-Javakheti
0%
GeorgiaRegionShida Kartli
0%
MyanmarSelf-Administered ZonePa Laung
0%
GhanaRegionAhafo
0%
GhanaRegionBono
0%
GhanaRegionBono East
0%
MyanmarRegionMagway
0%
MozambiqueProvinceManica
0%
MontenegroMunicipalityPetnjica
0%
MozambiqueProvinceInhambane
0%
GuatemalaDepartmentChiquimula
0%
MoroccoRegionGuelmim-Oued Noun
0%
GuatemalaDepartmentJutiapa
0%
MontenegroMunicipalityŽabljak
0%
MontenegroMunicipalityTuzi
0%
MontenegroMunicipalityŠavnik
0%
MontenegroMunicipalityRožaje
0%
MontenegroMunicipalityPlužine
0%
MontenegroMunicipalityPljevlja
0%
MontenegroMunicipalityPlav
0%
GuatemalaDepartmentZacapa
0%
MoldovaDistrictTaraclia
0%
MauritaniaRegionHodh El Gharbi
0%
GuyanaGovernorateEast Berbice-Corentyne
0%
GuineaRegionMamou
0%
GuineaRegionNzérékoré
0%
Guinea-BissauRegionBafatá
0%
Guinea-BissauRegionBiombo
0%
Guinea-BissauRegionBolama
0%
Guinea-BissauRegionCacheu
0%
Guinea-BissauRegionGabu
0%
Guinea-BissauRegionQuinara
0%
Guinea-BissauRegionTombali
0%
GuyanaGovernorateBarima-Waini
0%
GuyanaGovernorateCuyuni-Mazaruni
0%
GuyanaGovernoratePomeroon-Supenaam
0%
MoldovaDistrictAnenii Noi
0%
GuyanaGovernoratePotaro-Siparuni
0%
HondurasDepartmentAtlántida
0%
HondurasDepartmentCholuteca
0%
HondurasDepartmentEl Paraíso
0%
MauritiusIslandSaint Brandon
0%
HondurasDepartmentFrancisco Morazán
0%
MauritiusIslandAgaléga
0%
MauritaniaRegionTrarza
0%
MauritaniaRegionTiris Zemmour
0%
MauritaniaRegionTagant
0%
MauritaniaRegionInchiri
0%
GuineaRegionKindia
0%
GuineaRegionKankan
0%
MoldovaDistrictStrășeni
0%
MoldovaDistrictGlodeni
0%
MoldovaDistrictȘtefan Vodă
0%
MoldovaDistrictSoroca
0%
MoldovaDistrictȘoldănești
0%
MoldovaDistrictSîngerei
0%
MoldovaDistrictRîșcani
0%
MoldovaDistrictRezina
0%
MoldovaDistrictOcnița
0%
MoldovaDistrictNisporeni
0%
MoldovaDistrictLeova
0%
MoldovaDistrictIaloveni
0%
MoldovaDistrictHîncești
0%
MoldovaDistrictFlorești
0%
MoldovaDistrictBasarabeasca
0%
MoldovaDistrictFălești
0%
MoldovaDistrictEdineț
0%
MoldovaDistrictDubăsari
0%
MoldovaDistrictDrochia
0%
MoldovaDistrictDondușeni
0%
MoldovaDistrictCriuleni
0%
MoldovaDistrictCimișlia
0%
GuineaRegionFaranah
0%
MoldovaDistrictCăușeni
0%
MoldovaDistrictCantemir
0%
MoldovaDistrictCahul
0%
MoldovaDistrictBriceni
0%
LatviaMunicipalityVecpiebalga
0%
LatviaMunicipalityVarakļāni
0%
NamibiaRegionKavango East
0%
KenyaCountySamburu
0%
KiribatiCouncilAranuka
0%
KiribatiCouncilAbemama
0%
KenyaCountyWest Pokot
0%
KenyaCountyWajir
0%
KenyaCountyVihiga
0%
KenyaCountyUasin Gishu
0%
KenyaCountyTrans-Nzoia
0%
KenyaCountyTharaka-Nithi
0%
KenyaCountyTana River
0%
KenyaCountyTaita–Taveta
0%
KenyaCountySiaya
0%
KenyaCountyNyeri
0%
IcelandMunicipalitySkorradalshreppur
0%
KenyaCountyNyandarua
0%
KenyaCountyNyamira
0%
KenyaCountyNarok
0%
KenyaCountyNandi
0%
IcelandMunicipalitySkútustaðahreppur
0%
KenyaCountyMurang'a
0%
IcelandMunicipalitySnæfellsbær
0%
KenyaCountyMigori
0%
KenyaCountyMeru
0%
KenyaCountyMarsabit
0%
KenyaCountyMandera
0%
KiribatiCouncilArorae
0%
IcelandMunicipalitySkeiða- og Gnúpverjahreppur
0%
KenyaCountyMachakos
0%
IcelandMunicipalitySeyðisfjörður
0%
IcelandMunicipalityMosfellsbær
0%
IcelandMunicipalityMýrdalshreppur
0%
IcelandMunicipalityNorðurþing
0%
IcelandMunicipalityÖlfus
0%
IcelandMunicipalityRangárþing eystra
0%
IcelandMunicipalityRangárþing ytra
0%
IcelandMunicipalityReykhólahreppur
0%
IcelandMunicipalityReykjanesbær
0%
IcelandMunicipalitySeltjarnarnes
0%
KiribatiCouncilTamana
0%
KiribatiCouncilTabuaeran
0%
KiribatiCouncilSouth Tabiteuea
0%
KiribatiCouncilButaritari
0%
KiribatiCouncilOnotoa
0%
IcelandMunicipalitySkaftárhreppur
0%
KiribatiCouncilNorth Tabiteuea
0%
KiribatiCouncilNonouti
0%
KiribatiCouncilNikunau
0%
KiribatiCouncilMarakei
0%
KiribatiCouncilMakin
0%
IcelandMunicipalitySkagabyggð
0%
KiribatiCouncilKuria
0%
IcelandMunicipalitySkagafjörður
0%
IcelandMunicipalitySkagaströnd
0%
KenyaCountyMakueni
0%
KenyaCountyLamu
0%
LaosProvinceAttapeu
0%
IraqProvinceMaysan
0%
IcelandMunicipalityVopnafjarðarhreppur
0%
IcelandMunicipalityÞingeyjarsveit
0%
JordanProvinceTafilah
0%
JordanProvinceMadaba
0%
JordanProvinceBalqa
0%
JordanProvinceAjloun
0%
IranProvinceKohgiluyeh and Boyer-Ahmad
0%
IraqProvinceAl-Qādisiyyah
0%
IraqProvinceDhi Qar
0%
IraqProvinceDiyala
0%
IraqProvinceHalabja
0%
IraqProvinceMuthanna
0%
IcelandMunicipalityVesturbyggð
0%
IraqProvinceWasit
0%
Ivory CoastDistrictBas-Sassandra
0%
Ivory CoastDistrictComoé
0%
Ivory CoastDistrictDenguélé
0%
Ivory CoastDistrictGôh-Djiboua
0%
Ivory CoastDistrictLacs
0%
Ivory CoastDistrictLagunes
0%
Ivory CoastDistrictMontagnes
0%
Ivory CoastDistrictSassandra-Marahoué
0%
Ivory CoastDistrictVallée du Bandama
0%
Ivory CoastDistrictWoroba
0%
IcelandMunicipalityVogar
0%
IcelandMunicipalityVestmannaeyjar
0%
KenyaCountyLaikipia
0%
KenyaCountyGarissa
0%
KenyaCountyKwale
0%
KenyaCountyKitui
0%
KenyaCountyKisii
0%
KenyaCountyKirinyaga
0%
KenyaCountyKilifi
0%
KenyaCountyKiambu
0%
KenyaCountyKericho
0%
KenyaCountyKakamega
0%
KenyaCountyKajiado
0%
KenyaCountyIsiolo
0%
KenyaCountyHoma Bay
0%
KenyaCountyEmbu
0%
IcelandMunicipalityTjörneshreppur
0%
KenyaCountyElgeyo-Marakwet
0%
KenyaCountyBusia
0%
KenyaCountyBungoma
0%
KenyaCountyBomet
0%
KenyaCountyBaringo
0%
IcelandMunicipalityStrandabyggð
0%
IcelandMunicipalityStykkishólmur
0%
IcelandMunicipalitySúðavíkurhreppur
0%
IcelandMunicipalitySuðurnesjabær
0%
IcelandMunicipalitySvalbarðshreppur
0%
IcelandMunicipalitySvalbarðsstrandarhreppur
0%
IcelandMunicipalityTálknafjarðarhreppur
0%
IcelandMunicipalityLanganesbyggð
0%
LaosProvinceBokèo
0%
LatviaMunicipalityValmiera
0%
LatviaMunicipalityMālpils
0%
LatviaMunicipalityPļaviņas
0%
LatviaMunicipalityPāvilosta
0%
LatviaMunicipalityPārgauja
0%
LatviaMunicipalityOzolnieki
0%
LatviaMunicipalityOlaine
0%
IcelandMunicipalityHúnaþing vestra
0%
LatviaMunicipalityNereta
0%
LatviaMunicipalityNaukšēni
0%
LatviaMunicipalityMērsrags
0%
LatviaMunicipalityMazsalaca
0%
LatviaMunicipalityMārupe
0%
LatviaMunicipalityMadona
0%
LatviaMunicipalityPriekule
0%
LatviaMunicipalityLudza
0%
LatviaMunicipalityLubāna
0%
LatviaMunicipalityLīvāni
0%
LatviaMunicipalityLimbaži
0%
LatviaMunicipalityLīgatne
0%
IcelandMunicipalityHvalfjarðarsveit
0%
LatviaMunicipalityLielvārde
0%
LatviaMunicipalityKuldīga
0%
LatviaMunicipalityKrustpils
0%
LatviaMunicipalityKrimulda
0%
LatviaMunicipalityKrāslava
0%
LatviaMunicipalityPreiļi
0%
LatviaMunicipalityPriekuļi
0%
LatviaMunicipalityKocēni
0%
LatviaMunicipalitySēja
0%
LatviaMunicipalityValka
0%
LatviaMunicipalityVaiņode
0%
LatviaMunicipalityTukums
0%
LatviaMunicipalityTērvete
0%
LatviaMunicipalityTalsi
0%
LatviaMunicipalityStrenči
0%
LatviaMunicipalityStopiņi
0%
LatviaMunicipalitySmiltene
0%
LatviaMunicipalitySkrunda
0%
LatviaMunicipalitySkrīveri
0%
LatviaMunicipalitySigulda
0%
LatviaMunicipalitySaulkrasti
0%
LatviaMunicipalityRauna
0%
LatviaMunicipalitySaldus
0%
LatviaMunicipalitySalaspils
0%
LatviaMunicipalitySalacgrīva
0%
IcelandMunicipalityHrunamannahreppur
0%
LatviaMunicipalityRundāle
0%
LatviaMunicipalityRūjiena
0%
LatviaMunicipalityRugāji
0%
LatviaMunicipalityRucava
0%
LatviaMunicipalityRopaži
0%
IcelandMunicipalityHúnavatnshreppur
0%
LatviaMunicipalityRiebiņi
0%
LatviaMunicipalityRēzekne
0%
LatviaMunicipalityKoknese
0%
LatviaMunicipalityĶekava
0%
LaosProvinceBolikhamxai
0%
LatviaMunicipalityĀdaži
0%
LatviaMunicipalityBaldone
0%
LatviaMunicipalityBabīte
0%
LatviaMunicipalityAuce
0%
LatviaMunicipalityAmata
0%
LatviaMunicipalityAlūksne
0%
LatviaMunicipalityAlsunga
0%
LatviaMunicipalityAloja
0%
LatviaMunicipalityAknīste
0%
LatviaMunicipalityAizpute
0%
LatviaMunicipalityAizkraukle
0%
LatviaMunicipalityAglona
0%
LaosProvinceXiangkhouang
0%
LatviaMunicipalityBalvi
0%
LaosProvinceXékong
0%
LaosProvinceXaisomboun
0%
LaosProvinceXaignabouli
0%
IcelandMunicipalityKaldrananeshreppur
0%
LaosProvinceSalavan
0%
LaosProvincePhôngsali
0%
LaosProvinceOudômxai
0%
LaosProvinceLuang Namtha
0%
IcelandMunicipalityKjósarhreppur
0%
LaosProvinceKhammouan
0%
LaosProvinceHouaphan
0%
LatviaMunicipalityBaltinava
0%
LatviaMunicipalityBauska
0%
LatviaMunicipalityĶegums
0%
LatviaMunicipalityGrobiņa
0%
LatviaMunicipalityKārsava
0%
LatviaMunicipalityKandava
0%
IcelandMunicipalityHveragerði
0%
LatviaMunicipalityJaunpils
0%
LatviaMunicipalityJaunpiebalga
0%
LatviaMunicipalityJaunjelgava
0%
LatviaMunicipalityInčukalns
0%
LatviaMunicipalityIlūkste
0%
LatviaMunicipalityIkšķile
0%
LatviaMunicipalityIecava
0%
LatviaMunicipalityGulbene
0%
LatviaMunicipalityGarkalne
0%
LatviaMunicipalityBeverīna
0%
LatviaMunicipalityĒrgļi
0%
LatviaMunicipalityEngure
0%
LatviaMunicipalityDurbe
0%
LatviaMunicipalityDundaga
0%
LatviaMunicipalityDobele
0%
IcelandMunicipalityÍsafjarðarbær
0%
LatviaMunicipalityDagda
0%
LatviaMunicipalityCibla
0%
LatviaMunicipalityCesvaine
0%
LatviaMunicipalityCarnikava
0%
LatviaMunicipalityBurtnieki
0%
LatviaMunicipalityBrocēni
0%
NamibiaRegionHardap
0%
NamibiaRegionKavango West
0%
SloveniaMunicipalityŠentilj
0%
Central African RepublicPrefectureOmbella-M'Poko
0%
Central African RepublicPrefectureBamingui-Bangoran
0%
Central African RepublicPrefectureBasse-Kotto
0%
Central African RepublicPrefectureHaut-Mbomou
0%
Central African RepublicPrefectureHaute-Kotto
0%
Central African RepublicPrefectureKémo
0%
Central African RepublicPrefectureLobaye
0%
Central African RepublicPrefectureMambéré-Kadéï
0%
Central African RepublicPrefectureMbomou
0%
Central African RepublicPrefectureNana-Grébizi
0%
Central African RepublicPrefectureNana-Mambéré
0%
SeychellesDistrictTakamaka
0%
SeychellesDistrictRoche Caïman
0%
Cape VerdeMunicipalityTarrafal
0%
SeychellesDistrictPort Glaud
0%
SeychellesDistrictPointe La Rue
0%
SeychellesDistrictPlaisance
0%
SeychellesDistrictOuter Islands
0%
SeychellesDistrictMont Fleuri
0%
SeychellesDistrictMont Buxton
0%
SeychellesDistrictLes Mamelles
0%
SeychellesDistrictLa Digue and Inner Islands
0%
SeychellesDistrictGrand'Anse Praslin
0%
SeychellesDistrictGrand'Anse
0%
SeychellesDistrictGlacis
0%
Cape VerdeMunicipalityTarrafal de São Nicolau
0%
SloveniaMunicipalityAjdovščina
0%
SeychellesDistrictBel Ombre
0%
SloveniaMunicipalityCankova
0%
SloveniaMunicipalityDivača
0%
SloveniaMunicipalityDestrnik
0%
SloveniaMunicipalityČrnomelj
0%
SloveniaMunicipalityČrna na Koroškem
0%
SloveniaMunicipalityČrenšovci
0%
SloveniaMunicipalityCirkulane
0%
SloveniaMunicipalityCerkvenjak
0%
SloveniaMunicipalityCerkno
0%
SloveniaMunicipalityCerknica
0%
SloveniaMunicipalityCerklje na Gorenjskem
0%
Cape VerdeMunicipalitySão Miguel
0%
SloveniaMunicipalityBrezovica
0%
SloveniaMunicipalityAnkaran
0%
SloveniaMunicipalityBrežice
0%
SloveniaMunicipalityBrda
0%
SloveniaMunicipalityBraslovče
0%
SloveniaMunicipalityBovec
0%
SloveniaMunicipalityBorovnica
0%
SloveniaMunicipalityBloke
0%
Cape VerdeMunicipalitySão Salvador do Mundo
0%
SloveniaMunicipalityBistrica ob Sotli
0%
SloveniaMunicipalityBenedikt
0%
SloveniaMunicipalityBeltinci
0%
SloveniaMunicipalityApače
0%
SeychellesDistrictEnglish River
0%
SeychellesDistrictBel Air
0%
SloveniaMunicipalityDobrepolje
0%
São Tomé and PríncipeDistrictÁgua Grande
0%
SenegalRegionFatick
0%
SenegalRegionDiourbel
0%
Central African RepublicPrefectureSangha-Mbaéré
0%
Central African RepublicPrefectureVakaga
0%
ChadRegionBatha
0%
ChadRegionChari-Baguirmi
0%
São Tomé and PríncipeDistrictMé-Zóchi
0%
São Tomé and PríncipeDistrictLobata
0%
São Tomé and PríncipeDistrictLembá
0%
São Tomé and PríncipeDistrictCaué
0%
São Tomé and PríncipeDistrictCantagalo
0%
ChadRegionGuéra
0%
SenegalRegionKaolack
0%
ChadRegionHadjer-Lamis
0%
ChadRegionKanem
0%
SamoaDistrictVaisigano
0%
SamoaDistrictVa'a-o-Fonoti
0%
SamoaDistrictTuamasaga
0%
SamoaDistrictSatupa'itea
0%
SamoaDistrictPalauli
0%
SamoaDistrictGaga'ifomauga
0%
SamoaDistrictGaga'emauga
0%
SamoaDistrictFa'asaleleaga
0%
SamoaDistrictAtua
0%
SenegalRegionKaffrine
0%
SenegalRegionKédougou
0%
SeychellesDistrictBeau Vallon
0%
SerbiaDistrictPodunavlje
0%
SeychellesDistrictBaie Sainte Anne
0%
SeychellesDistrictBaie Lazare
0%
SeychellesDistrictAnse Royale
0%
SeychellesDistrictAnse Etoile
0%
SeychellesDistrictAnse Boileau
0%
SeychellesDistrictAnse aux Pins
0%
SerbiaDistrictZaječar
0%
SerbiaDistrictToplica
0%
SerbiaDistrictŠumadija
0%
SerbiaDistrictRasina
0%
SerbiaDistrictPomoravlje
0%
SerbiaDistrictPčinja
0%
SenegalRegionKolda
0%
SerbiaDistrictMoravica
0%
SerbiaDistrictKolubara
0%
SerbiaDistrictJablanica
0%
SerbiaDistrictBraničevo
0%
Central African RepublicPrefectureOuaka
0%
Central African RepublicPrefectureOuham
0%
SenegalRegionZiguinchor
0%
SenegalRegionThiès
0%
SenegalRegionTambacounda
0%
SenegalRegionSédhiou
0%
Central African RepublicPrefectureOuham-Pendé
0%
SenegalRegionLouga
0%
SloveniaMunicipalityDobje
0%
SloveniaMunicipalityDobrna
0%
ChadRegionLogone Occidental
0%
SloveniaMunicipalityMoravske Toplice
0%
SloveniaMunicipalityPivka
0%
SloveniaMunicipalityPesnica
0%
SloveniaMunicipalityOsilnica
0%
SloveniaMunicipalityOrmož
0%
SloveniaMunicipalityOplotnica
0%
SloveniaMunicipalityOdranci
0%
Cape VerdeMunicipalityMosteiros
0%
SloveniaMunicipalityNazarje
0%
SloveniaMunicipalityNaklo
0%
SloveniaCity MunicipalityMurska Sobota
0%
SloveniaMunicipalityMozirje
0%
SloveniaMunicipalityMoravče
0%
SloveniaMunicipalityPodlehnik
0%
SloveniaMunicipalityMokronog-Trebelno
0%
SloveniaMunicipalityMislinja
0%
MauritaniaRegionGorgol
0%
SloveniaMunicipalityMirna
0%
SloveniaMunicipalityMiklavž na Dravskem Polju
0%
SloveniaMunicipalityMežica
0%
SloveniaMunicipalityMetlika
0%
SloveniaMunicipalityMengeš
0%
SloveniaMunicipalityMedvode
0%
SloveniaMunicipalityMarkovci
0%
SloveniaMunicipalityMakole
0%
SloveniaMunicipalityPodčetrtek
0%
SloveniaMunicipalityPodvelka
0%
SloveniaMunicipalityLukovica
0%
SloveniaMunicipalityRečica ob Savinji
0%
SloveniaMunicipalityŠenčur
0%
SloveniaMunicipalityŠempeter-Vrtojba
0%
SloveniaMunicipalitySemič
0%
SloveniaMunicipalitySelnica ob Dravi
0%
SloveniaMunicipalityŠalovci
0%
SloveniaMunicipalityRogatec
0%
SloveniaMunicipalityRogašovci
0%
SloveniaMunicipalityRogaška Slatina
0%
SloveniaMunicipalityRibnica na Pohorju
0%
SloveniaMunicipalityRibnica
0%
SloveniaMunicipalityRenče–Vogrsko
0%
SloveniaMunicipalityRazkrižje
0%
SloveniaMunicipalityPoljčane
0%
SloveniaMunicipalityRavne na Koroškem
0%
SloveniaMunicipalityRadovljica
0%
SloveniaMunicipalityRadlje ob Dravi
0%
SloveniaMunicipalityRadenci
0%
SloveniaMunicipalityRadeče
0%
SloveniaMunicipalityRače–Fram
0%
SloveniaMunicipalityPuconci
0%
SloveniaMunicipalityPrevalje
0%
SloveniaMunicipalityPreddvor
0%
SloveniaMunicipalityPrebold
0%
SloveniaMunicipalityPostojna
0%
SloveniaMunicipalityPolzela
0%
SloveniaMunicipalityMajšperk
0%
Cape VerdeMunicipalityRibeira Brava
0%
SloveniaMunicipalityDobrova–Polhov Gradec
0%
SloveniaMunicipalityGrosuplje
0%
SloveniaMunicipalityJezersko
0%
Cape VerdeMunicipalitySão Filipe
0%
SloveniaMunicipalityIlirska Bistrica
0%
Cape VerdeMunicipalitySão Lourenço dos Órgãos
0%
SloveniaMunicipalityIdrija
0%
SloveniaMunicipalityHrpelje-Kozina
0%
SloveniaMunicipalityHrastnik
0%
SloveniaMunicipalityHorjul
0%
SloveniaMunicipalityHodoš
0%
SloveniaMunicipalityHoče–Slivnica
0%
SloveniaMunicipalityHajdina
0%
SloveniaMunicipalityGornji Petrovci
0%
SloveniaMunicipalityKamnik
0%
SloveniaMunicipalityGornji Grad
0%
SloveniaMunicipalityGorje
0%
SloveniaMunicipalityGorišnica
0%
SloveniaMunicipalityGorenja Vas–Poljane
0%
SloveniaMunicipalityDuplek
0%
SloveniaMunicipalityDravograd
0%
SloveniaMunicipalityDornava
0%
SloveniaMunicipalityDomžale
0%
SloveniaMunicipalityDolenjske Toplice
0%
SloveniaMunicipalityDol pri Ljubljani
0%
SloveniaMunicipalityDobrovnik
0%
SloveniaMunicipalityJuršinci
0%
Cape VerdeMunicipalitySão Domingos
0%
SloveniaMunicipalityLovrenc na Pohorju
0%
SloveniaMunicipalityKuzma
0%
SloveniaMunicipalityLoški Potok
0%
SloveniaMunicipalityLoška Dolina
0%
SloveniaMunicipalityLogatec
0%
Cape VerdeMunicipalityRibeira Grande
0%
SloveniaMunicipalityLjutomer
0%
SloveniaMunicipalityLjubno
0%
Cape VerdeMunicipalityRibeira Grande de Santiago
0%
SloveniaMunicipalityLitija
0%
SloveniaMunicipalityLendava
0%
SloveniaMunicipalityLenart
0%
SloveniaMunicipalityLaško
0%
SloveniaMunicipalityKungota
0%
SloveniaMunicipalityKidričevo
0%
SloveniaMunicipalityKrško
0%
SloveniaMunicipalityKriževci
0%
SloveniaMunicipalityKranjska Gora
0%
SloveniaMunicipalityKozje
0%
SloveniaMunicipalityKostel
0%
SloveniaMunicipalityKostanjevica na Krki
0%
Cape VerdeMunicipalitySanta Catarina do Fogo
0%
SloveniaMunicipalityKomenda
0%
SloveniaMunicipalityKomen
0%
SloveniaMunicipalityKočevje
0%
SloveniaMunicipalityKobilje
0%
SloveniaMunicipalityKobarid
0%
SamoaDistrictAiga-i-le-Tai
0%
ChadRegionLogone Oriental
0%
NamibiaRegionKhomas
0%
North MacedoniaMunicipalityBosilovo
0%
North MacedoniaMunicipalityDemir Hisar
0%
North MacedoniaMunicipalityDelčevo
0%
North MacedoniaMunicipalityDebarca
0%
North MacedoniaMunicipalityDebar
0%
North MacedoniaMunicipalityČučer-Sandevo
0%
North MacedoniaMunicipalityČešinovo-Obleševo
0%
North MacedoniaMunicipalityCentar Župa
0%
North MacedoniaMunicipalityČaška
0%
Equatorial GuineaProvinceCentro Sur
0%
North MacedoniaMunicipalityButel
0%
North MacedoniaMunicipalityBrvenica
0%
North MacedoniaMunicipalityBogovinje
0%
North MacedoniaMunicipalityDojran
0%
North MacedoniaMunicipalityBogdanci
0%
Equatorial GuineaProvinceDjibloho
0%
North MacedoniaMunicipalityBerovo
0%
North MacedoniaMunicipalityAračinovo
0%
North KoreaProvinceChagang
0%
NigeriaStateTaraba
0%
NigeriaStateNasarawa
0%
NigeriaStateKwara
0%
NigeriaStateKogi
0%
NigeriaStateJigawa
0%
NigeriaStateGombe
0%
North MacedoniaMunicipalityDemir Kapija
0%
North MacedoniaMunicipalityDolneni
0%
NigeriaStateEbonyi
0%
North MacedoniaMunicipalityKratovo
0%
North MacedoniaMunicipalityNovaci
0%
North MacedoniaMunicipalityNegotino
0%
North MacedoniaMunicipalityMogila
0%
North MacedoniaMunicipalityMavrovo and Rostuša
0%
North MacedoniaMunicipalityMakedonski Brod
0%
North MacedoniaMunicipalityMakedonska Kamenica
0%
North MacedoniaMunicipalityLozovo
0%
North MacedoniaMunicipalityLipkovo
0%
North MacedoniaMunicipalityKruševo
0%
North MacedoniaMunicipalityKrivogaštani
0%
North MacedoniaMunicipalityKriva Palanka
0%
North MacedoniaMunicipalityKonče
0%
North MacedoniaMunicipalityGevgelija
0%
North MacedoniaMunicipalityKočani
0%
North MacedoniaMunicipalityKisela Voda
0%
North MacedoniaMunicipalityKičevo
0%
North MacedoniaMunicipalityKavadarci
0%
North MacedoniaMunicipalityKarpoš
0%
North MacedoniaMunicipalityKarbinci
0%
North MacedoniaMunicipalityJegunovce
0%
North MacedoniaMunicipalityIlinden
0%
North MacedoniaMunicipalityGradsko
0%
North MacedoniaMunicipalityGostivar
0%
North MacedoniaMunicipalityGjorče Petrov
0%
NigeriaStateEkiti
0%
NigeriaStateBenue
0%
North MacedoniaMunicipalityPehčevo
0%
NauruDistrictBaitsi
0%
GabonProvinceOgooué-Ivindo
0%
GabonProvinceOgooué-Lolo
0%
GabonProvinceOgooué-Maritime
0%
GabonProvinceWoleu-Ntem
0%
GeorgiaRegionGuria
0%
NauruDistrictUaboe
0%
NauruDistrictNibok
0%
NauruDistrictMeneng
0%
NauruDistrictIjuw
0%
NauruDistrictDenigomodu
0%
NauruDistrictBuada
0%
NauruDistrictAnibare
0%
GabonProvinceNgounié
0%
NauruDistrictAnetan
0%
NauruDistrictAnabar
0%
NauruDistrictAiwo
0%
GeorgiaRegionKvemo Kartli
0%
NamibiaRegionOtjozondjupa
0%
NamibiaRegionOshikoto
0%
NamibiaRegionOshana
0%
NamibiaRegionOmusati
0%
NamibiaRegionOmaheke
0%
NamibiaRegionOhangwena
0%
NamibiaRegionKunene
0%
GabonProvinceNyanga
0%
GabonProvinceMoyen-Ogooué
0%
NigeriaStateBayelsa
0%
NicaraguaDepartmentChinandega
0%
NigeriaStateBauchi
0%
NigeriaStateAnambra
0%
NigeriaStateAkwa Ibom
0%
NigerRegionTillabéri
0%
NigerRegionTahoua
0%
NigerRegionMaradi
0%
NigerRegionDosso
0%
NigerRegionDiffa
0%
NicaraguaDepartmentNueva Segovia
0%
NicaraguaDepartmentJinotega
0%
NicaraguaDepartmentChontales
0%
NicaraguaDepartmentBoaco
0%
GabonProvinceHaut-Ogooué
0%
EswatiniRegionShiselweni
0%
FijiProvinceCakaudrove
0%
FijiProvinceKadavu
0%
FijiProvinceLomaiviti
0%
FijiProvinceMacuata
0%
FijiProvinceNadroga-Navosa
0%
FijiProvinceNaitasiri
0%
FijiProvinceNamosi
0%
FijiProvinceRewa
0%
FijiProvinceSerua
0%
FijiProvinceTailevu
0%
GabonProvinceEstuaire
0%
North MacedoniaMunicipalityNovo Selo
0%
North MacedoniaMunicipalityPetrovec
0%
Saint LuciaQuarterVieux Fort
0%
Democratic Republic of the CongoProvinceNord-Ubangi
0%
Democratic Republic of the CongoProvinceMai-Ndombe
0%
Republic of the CongoDepartmentPool
0%
Democratic Republic of the CongoProvinceManiema
0%
Republic of the CongoDepartmentNiari
0%
Republic of the CongoDepartmentLikouala
0%
Republic of the CongoDepartmentLékoumou
0%
Republic of the CongoDepartmentKouilou
0%
Republic of the CongoDepartmentCuvette-Ouest
0%
Republic of the CongoDepartmentCuvette
0%
Democratic Republic of the CongoProvinceMongala
0%
Republic of the CongoDepartmentBouenza
0%
QatarMunicipalityAl-Shahaniya
0%
Democratic Republic of the CongoProvinceLomami
0%
QatarMunicipalityAl Wakrah
0%
QatarMunicipalityAl Shamal
0%
QatarMunicipalityAl Daayen
0%
Democratic Republic of the CongoProvinceSankuru
0%
Democratic Republic of the CongoProvinceSud-Ubangi
0%
Democratic Republic of the CongoProvinceTshopo
0%
Democratic Republic of the CongoProvinceTshuapa
0%
Dominican RepublicProvinceBaoruco
0%
Dominican RepublicProvinceDajabón
0%
Dominican RepublicProvinceEspaillat
0%
Dominican RepublicProvinceHermanas Mirabal
0%
Democratic Republic of the CongoProvinceLualaba
0%
Democratic Republic of the CongoProvinceKwilu
0%
Dominican RepublicProvinceMonseñor Nouel
0%
ChadRegionMoyen-Chari
0%
Saint LuciaQuarterSoufrière
0%
Saint LuciaQuarterPraslin
0%
Saint LuciaQuarterMicoud
0%
Saint LuciaQuarterLaborie
0%
Saint LuciaQuarterGros Islet
0%
Saint LuciaQuarterDennery
0%
Saint LuciaQuarterDauphin
0%
ChadRegionMandoul
0%
Saint LuciaQuarterAnse la Raye
0%
ChadRegionMayo-Kebbi Est
0%
ChadRegionMayo-Kebbi Ouest
0%
ChadRegionOuaddaï
0%
Democratic Republic of the CongoProvinceKwango
0%
ChadRegionSalamat
0%
ChadRegionTandjilé
0%
ChadRegionWadi Fira
0%
Ivory CoastDistrictZanzan
0%
Democratic Republic of the CongoProvinceBas-Uele
0%
Democratic Republic of the CongoProvinceÉquateur
0%
Democratic Republic of the CongoProvinceHaut-Katanga
0%
Democratic Republic of the CongoProvinceHaut-Lomami
0%
Democratic Republic of the CongoProvinceHaut-Uele
0%
Democratic Republic of the CongoProvinceIturi
0%
Democratic Republic of the CongoProvinceKasaï-Central
0%
Democratic Republic of the CongoProvinceKasaï-Oriental
0%
Dominican RepublicProvinceMaría Trinidad Sánchez
0%
Dominican RepublicProvinceMonte Cristi
0%
North MacedoniaMunicipalityPlasnica
0%
North MacedoniaMunicipalityVasilevo
0%
PalauStateAimeliik
0%
OmanProvinceAl Buraymi
0%
El SalvadorDepartmentChalatenango
0%
El SalvadorDepartmentMorazán
0%
El SalvadorDepartmentUsulután
0%
North MacedoniaMunicipalityZrnovci
0%
North MacedoniaMunicipalityŽelino
0%
North MacedoniaMunicipalityZelenikovo
0%
North MacedoniaMunicipalityVrapčište
0%
North MacedoniaMunicipalityVinica
0%
North MacedoniaMunicipalityVevčani
0%
North MacedoniaMunicipalityValandovo
0%
PalauStateAngaur
0%
North MacedoniaMunicipalityTearce
0%
North MacedoniaMunicipalitySveti Nikole
0%
North MacedoniaMunicipalityŠuto Orizari
0%
North MacedoniaMunicipalityStudeničani
0%
North MacedoniaMunicipalityStaro Nagoričane
0%
North MacedoniaMunicipalitySopište
0%
North MacedoniaMunicipalityRosoman
0%
North MacedoniaMunicipalityResen
0%
North MacedoniaMunicipalityRankovce
0%
North MacedoniaMunicipalityRadoviš
0%
North MacedoniaMunicipalityProbištip
0%
PalauStateAirai
0%
PalauStateHatohobei
0%
Dominican RepublicProvincePedernales
0%
East TimorMunicipalityManufahi
0%
Dominican RepublicProvincePeravia
0%
Dominican RepublicProvinceSan José de Ocoa
0%
Dominican RepublicProvinceSan Pedro de Macorís
0%
Dominican RepublicProvinceSantiago Rodríguez
0%
East TimorMunicipalityAileu
0%
East TimorMunicipalityAinaro
0%
East TimorMunicipalityCovalima
0%
East TimorMunicipalityErmera
0%
East TimorMunicipalityLautém
0%
East TimorMunicipalityLiquiçá
0%
East TimorMunicipalityManatuto
0%
East TimorMunicipalityViqueque
0%
PalauStateKayangel
0%
Papua New GuineaProvinceSimbu
0%
Papua New GuineaProvinceJiwaka
0%
PanamaIndigenous RegionNgäbe-Buglé
0%
PalauStateSonsorol
0%
PalauStatePeleliu
0%
PalauStateNgiwal
0%
PalauStateNgeremlengui
0%
PalauStateNgchesar
0%
PalauStateNgatpang
0%
PalauStateNgardmau
0%
PalauStateNgarchelong
0%
PalauStateNgaraard
0%
SloveniaMunicipalityMirna Peč
0%

Score Distribution

Percentile by Number Answered

Percent of People with Each Score

Your Score History

You have not taken this quiz